Municipios de Castilla y León en un Mapa - Estadísticas

Estadísticas generales
  • Esta prueba ha sido intentada 220 veces
    6 desde el último reinicio
  • La puntuación promedio es 248 de 2253
Respuestas en el mapa
Las respuestas están codificadas por una escala verde-roja en el mapa de la prueba según el % correcto abajo.
 
Estadísticas de respuestas
Provincia Comarca Respuesta % Correcto
Palencia Montaña Aguilar de Campoo
100%
Burgos Ribera del Duero Aranda de Duero
100%
Ávila La Moraña Arévalo
100%
León Astorga Astorga
100%
Ávila Ávila Ávila
100%
Salamanca Sierra de Béjar Béjar
100%
Zamora Benavente y los Valles Benavente
100%
Burgos Alfoz de Burgos Burgos
100%
Salamanca Ciudad Rodrigo Ciudad Rodrigo
100%
Burgos Ebro Condado de Treviño
100%
Soria Tierras del Burgo El Burgo de Osma
100%
Salamanca Sierra de Francia La Alberca
100%
León Tierra de La Bañeza La Bañeza
100%
León Tierra de León León
100%
Valladolid Tierra de Medina Medina del Campo
100%
Valladolid Tierra de Campos Medina de Rioseco
100%
Burgos Ebro Miranda de Ebro
100%
Valladolid Tierra de Pinares Olmedo
100%
Palencia Tierra de Campos Palencia
100%
Valladolid Campo de Peñafiel Peñafiel
100%
León El Bierzo Ponferrada
100%
Zamora Sanabria Puebla de Sanabria
100%
León Montaña de Riaño Riaño
100%
Salamanca Campo de Salamanca Salamanca
100%
Segovia Tierra de Segovia Segovia
100%
Segovia Tierra de Sepúlveda Sepúlveda
100%
Soria Frentes Soria
100%
Valladolid Tierra del Vino Tordesillas
100%
Zamora Alfoz de Toro Toro
100%
Valladolid Campiña del Pisuerga Valladolid
100%
Zamora Tierra del Pan Zamora
100%
Soria Almazán Almazán
80%
Ávila Arenas de San Pedro Arenas de San Pedro
80%
Valladolid Campiña del Pisuerga Arroyo de la Encomienda
80%
Segovia Tierra de Ayllón Ayllón
80%
Ávila Arenas de San Pedro Candeleda
80%
Segovia Tierras del Cantalejo Cantalejo
80%
Palencia Montaña Cervera de Pisuerga
80%
Segovia Tierra de Pinares Cuéllar
80%
Palencia Cerrato Dueñas
80%
Ávila El Barcode Ávila-Piedrahíta El Barco de Ávila
80%
Palencia Montaña Guardo
80%
Salamanca Guijuelo Guijuelo
80%
Valladolid Tierra de Pinares Íscar
80%
Valladolid Tierra de Pinares Laguna de Duero
80%
Burgos Arlanza Lerma
80%
Burgos Las Merindades Medina de Pomar
80%
León Tierra de Sahagún Sahagún
80%
Salamanca Campo de Salamanca Santa Marta de Tormes
80%
Valladolid Campiña del Pisuerga Simancas
80%
Valladolid Campiña del Pisuerga Trigueros del Valle
80%
Palencia Cerrato Venta de Baños
80%
León Montaña de Luna Villablino
80%
Zamora Tierra de Campos Villalpando
80%
Ávila La Moraña Adanero
60%
Palencia Cerrato Astudillo
60%
Palencia Páramos-Valles Báscones de Ojeda
60%
Valladolid Tierra de Pinares Boecillo
60%
León Montaña de Riaño Boñar
60%
Burgos La Bureba Briviesca
60%
Valladolid Campiña del Pisuerga Cabezón de Pisuerga
60%
Palencia Tierra de Campos Carrión de los Condes
60%
Valladolid Tierra del Vino Castronuño
60%
Valladolid Campiña del Pisuerga Cigales
60%
Valladolid Montes Torozos Ciguñuela
60%
Segovia Tierra de Pinares Coca
60%
Ávila Ávila El Oso
60%
Palencia Tierra de Campos Frómista
60%
Valladolid Campiña del Pisuerga Fuensaldaña
60%
Palencia Páramos-Valles Herrera de Pisuerga
60%
Salamanca Tierra de Ledesma Ledesma
60%
Soria Tierra de Medinaceli Medinaceli
60%
Valladolid Campiña del Pisuerga Mucientes
60%
Palencia Tierra de Campos Osorno
60%
Ávila El Barcode Ávila-Piedrahíta Piedrahíta
60%
Segovia Tierra de Segovia Real Sitio de San Ildefonso
60%
Segovia Tierra de Ayllón Riaza
60%
Burgos Ribera del Duero Roa
60%
Palencia Páramos-Valles Saldaña
60%
León Tierra de León San Andrés del Rabanedo
60%
León El Páramo Santa María del Páramo
60%
Valladolid Tierra de Pinares Tudela de Duero
60%
Valladolid Montes Torozos Urueña
60%
León Esla-Campos Valencia de Don Juan
60%
Valladolid Montes Torozos Velilla
60%
Palencia Montaña Velilla del Río Carrión
60%
Valladolid Tierra de Pinares Viana de Cega
60%
León Montaña de Luna Villamanín
60%
Palencia Cerrato Villamuriel de Cerrato
60%
Valladolid Montes Torozos Villanubla
60%
León Tierra de León Villaquilambre
60%
Valladolid Montes Torozos Wamba
60%
Valladolid Campiña del Pisuerga Zaratán
60%
Valladolid Tierra de Campos Aguilar de Campos
40%
Valladolid Tierra del Vino Alaejos
40%
Palencia Páramos-Valles Alar del Rey
40%
Salamanca Tierra de Alba Alba de Tormes
40%
Valladolid Tierra de Pinares Aldeamayor de San Martín
40%
Burgos Las Merindades Alfoz de Bricia
40%
Burgos Las Merindades Alfoz de Santa Gadea
40%
Soria Almarza Almarza
40%
Palencia Tierra de Campos Ampudia
40%
Salamanca Campo de Salamanca Arapiles
40%
Burgos Las Merindades Arija
40%
Burgos Alfoz de Burgos Arlanzón
40%
Burgos Alfoz de Burgos Atapuerca
40%
Valladolid Tierra de Medina Ataquines
40%
Burgos Sedano y Las Loras Basconcillos del Tozo
40%
Palencia Tierra de Campos Becerril de Campos
40%
Burgos Montes de Oca Belorado
40%
León El Bierzo Bembibre
40%
León Montaña de Riaño Boca de Huérgano
40%
Palencia Montaña Brañosera
40%
Salamanca Tierra de Alba Buenavista
40%
Ávila Burgohondo -El Tiemblo -Cebreros Burgohondo
40%
León El Bierzo Cacabelos
40%
Soria Tierras del Burgo Calatañazor
40%
Valladolid Campo de Peñafiel Campaspero
40%
Valladolid Campo de Peñafiel Canalejas de Peñafiel
40%
Ávila Ávila Cardeñosa
40%
Valladolid Tierra de Medina Carpio
40%
Ávila Ávila Casasola
40%
Valladolid Tierra de Campos Castroponce
40%
León Tierra de Sahagún Cea
40%
Ávila Burgohondo -El Tiemblo -Cebreros Cebreros
40%
Segovia Tierra de Segovia Cerezo de Abajo
40%
León Montaña de Riaño Cistierna
40%
Valladolid Tierra de Pinares Cogeces de Íscar
40%
Valladolid Campo de Peñafiel Cogeces del Monte
40%
Valladolid Campiña del Pisuerga Corcos del Valle
40%
Salamanca Las Villas Cordovilla
40%
Palencia Cerrato Cordovilla la Real
40%
Soria Pinares Cubilla
40%
Segovia Tierra de Segovia Cubillo
40%
Zamora Tierra del Pan Cubillos
40%
Valladolid Tierra de Medina El Campillo
40%
Segovia Tierra de Segovia El Espinar
40%
Ávila Burgohondo -El Tiemblo -Cebreros El Tiemblo
40%
Burgos Las Merindades Espinosa de los Monteros
40%
Zamora Sayago Fermoselle
40%
Palencia Tierra de Campos Frechilla
40%
Burgos Las Merindades Frías
40%
Soria Frentes Garray
40%
Valladolid Campiña del Pisuerga Geria
40%
Soria Campo de Gómara Gómara
40%
Palencia Tierra de Campos Grijota
40%
Zamora Sanabria Hermisende
40%
León Astorga Hospital de Órbigo
40%
Palencia Tierra de Campos Husillos
40%
Valladolid Tierra de Pinares La Cistérniga
40%
Palencia Páramos-Valles Lagartos
40%
Segovia Tierra de Segovia La Lastrilla
40%
Valladolid Montes Torozos La Mudarra
40%
Palencia Tierra de Campos Lantadilla
40%
Palencia Montaña La Pernía
40%
León Montaña de Luna La Pola de Gordón
40%
León Montaña de Luna La Robla
40%
Ávila Burgohondo -El Tiemblo -Cebreros Las Navas del Marqués
40%
Ávila La Moraña Madrigal de las Altas Torres
40%
León Esla-Campos Mansilla de las Mulas
40%
Valladolid Tierra del Vino Matapozuelos
40%
Valladolid Tierra de Campos Mayorga
40%
Valladolid Tierra de Campos Melgar de Abajo
40%
Valladolid Tierra de Campos Melgar de Arriba
40%
Burgos Odra-Pisuerga Melgar de Fernamental
40%
Palencia Cerrato Melgar de Yuso
40%
Burgos Las Merindades Merindad de Valdeporres
40%
Burgos Las Merindades Merindad de Valdivielso
40%
Burgos Ribera del Duero Milagros
40%
Zamora La Carballeda Mombuey
40%
Salamanca Guijuelo Montejo
40%
Palencia Tierra de Campos Monzón de Campos
40%
Valladolid Montes Torozos Mota del Marqués
40%
Palencia Montaña Mudá
40%
Soria Moncayo Ólvega
40%
Burgos La Bureba Oña
40%
León Esla-Campos Onzonilla
40%
Palencia Tierra de Campos Osornillo
40%
León Montaña de Luna Palacios del Sil
40%
Zamora Sanabria Palacios de Sanabria
40%
Palencia Cerrato Palenzuela
40%
Burgos Ebro Pancorbo
40%
León El Bierzo Páramo del Sil
40%
Segovia Tierra de Segovia Pedraza
40%
Salamanca Tierra de Peñaranda Peñaranda de Bracamonte
40%
Burgos Ribera del Duero Peñaranda de Duero
40%
Valladolid Páramos del Esgueva Piñel de Abajo
40%
Valladolid Páramos del Esgueva Piñel de Arriba
40%
Palencia Montaña Polentinos
40%
Valladolid Tierra del Vino Pollos
40%
Burgos La Bureba Poza de la Sal
40%
Burgos Alfoz de Burgos Quintanaortuño
40%
Valladolid Campo de Peñafiel Quintanilla de Onésimo
40%
Valladolid Páramos del Esgueva Renedo de Esgueva
40%
León Montaña de Luna Riello
40%
Valladolid Tierra del Vino Rueda
40%
Soria Tierras del Burgo San Esteban de Gormaz
40%
Valladolid Montes Torozos San Salvador
40%
Zamora Benavente y los Valles Santa Cristina de la Polvorosa
40%
Palencia Montaña Santibañez de la Peña
40%
Burgos Sierra de la Demanda Santo Domingo de Silos
40%
Segovia Tierra de Segovia Santo Tomé del Puerto
40%
Zamora Benavente y los Valles Santovenia
40%
León Tierra de León Santovenia de la Valdoncina
40%
Valladolid Campiña del Pisuerga Santovenia de Pisuerga
40%
Valladolid Tierra de Pinares Sardón de Duero
40%
León Montaña de Luna Sena de Luna
40%
Zamora Tierra de Tábara Tábara
40%
Valladolid Montes Torozos Tiedra
40%
Palencia Cerrato Torquemada
40%
Valladolid Campo de Peñafiel Torrescárcela
40%
Soria Tierras del Burgo Valdenebro
40%
Burgos Sedano y Las Loras Valle de Sedano
40%
Burgos Las Merindades Valle de Valdebezana
40%
Burgos Las Merindades Valle de Zamanzas
40%
Valladolid Campiña del Pisuerga Valoria la Buena
40%
León Tierra de León Valverde de la Virgen
40%
Segovia Tierra de Segovia Villacastín
40%
Burgos Odra-Pisuerga Villadiego
40%
Zamora Tierra de Campos Villafáfila
40%
León El Bierzo Villafranca del Bierzo
40%
Valladolid Tierra del Vino Villalar de los Comuneros
40%
Valladolid Tierra de Campos Villalón de Campos
40%
Palencia Cerrato Villamediana
40%
Valladolid Tierra de Campos Villamuriel de Campos
40%
Valladolid Montes Torozos Villán de Tordesillas
40%
Burgos Las Merindades Villarcayo de Merindad de Castilla la Vieja
40%
Palencia Tierra de Campos Villarramiel
40%
Salamanca Vitigudino Vitigudino
40%
Segovia Tierras del Cantalejo Abades
20%
Soria Pinares Abejar
20%
Valladolid Montes Torozos Adalia
20%
Soria Moncayo Ágreda
20%
Valladolid Tierra de Pinares Aguasal
20%
Zamora Aliste Alcañices
20%
Valladolid Tierra de Pinares Alcazarén
20%
Salamanca Vitigudino Aldeadávila de la Ribera
20%
Valladolid Tierra de Pinares Aldea de San Miguel
20%
Salamanca Las Villas Aldealengua
20%
Segovia Tierra de Segovia Aldealengua de Pedraza
20%
Salamanca Las Villas Aldearrubia
20%
Salamanca Campo de Salamanca Aldeatejada
20%
Zamora Sayago Alfaraz de Sayago
20%
Soria Tierra de Medinaceli Almaluez
20%
León Tierra de León Almanza
20%
Soria Campo de Gómara Almazul
20%
Zamora Sayago Almeida de Sayago
20%
Valladolid Tierra de Pinares Almenara de Adaja
20%
Soria Campo de Gómara Almenar de Soria
20%
Salamanca Vitigudino Almendra
20%
Soria Almazán Alpanseque
20%
Burgos Ebro Altable
20%
Burgos Ebro Ameyugo
20%
Palencia Tierra de Campos Amusco
20%
Valladolid Páramos del Esgueva Amusquillo
20%
Segovia Tierras del Cantalejo Anaya
20%
Segovia Tierras del Cantalejo Añe
20%
Palencia Cerrato Antigüedad
20%
Burgos Ribera del Duero Arandilla
20%
Segovia Tierra de Segovia Arcones
20%
Soria Tierra de Medinaceli Arcos de Jalón
20%
Soria Berlanga Arenillas
20%
Burgos Montes de Oca Arraya de Oca
20%
Zamora Sanabria Asturianos
20%
Valladolid Campo de Peñafiel Bahabón
20%
Palencia Cerrato Baltanás
20%
Soria Almazán Baraona
20%
Salamanca Campo de Salamanca Barbadillo
20%
Burgos Sierra de la Demanda Barbadillo de Herreros
20%
Burgos Sierra de la Demanda Barbadillo del Pez
20%
Soria Almazán Barca
20%
Palencia Tierra de Campos Bárcena de Campos
20%
Valladolid Tierra de Campos Barcial de la Loma
20%
Soria Berlanga Barcones
20%
Valladolid Montes Torozos Barruelo del Valle
20%
Palencia Montaña Barruelo de Santullán
20%
Segovia Tierra de Segovia Basardilla
20%
Burgos Montes de Oca Bascuñana
20%
Valladolid Tierra de Campos Becilla de Valderaduey
20%
Valladolid Montes Torozos Benafarces
20%
León Astorga Benavides de Órbigo
20%
Burgos Las Merindades Berberana
20%
Valladolid Tierra del Vino Bercero
20%
Valladolid Montes Torozos Berceruelo
20%
León El Páramo Bercianos del Páramo
20%
León Tierra de Sahagún Bercianos del Real Camino
20%
Soria Berlanga Berlanga de Duero
20%
Zamora Sayago Bermillo de Sayago
20%
Segovia Tierra de Segovia Bernuy de Porreros
20%
Valladolid Tierra de Campos Berrueces
20%
Palencia Montaña Berzosilla
20%
Salamanca Ciudad Rodrigo Boada
20%
Palencia Tierra de Campos Boada de Campos
20%
Palencia Tierra de Campos Boadilla de Rioseco
20%
Valladolid Tierra de Medina Bobadilla del Campo
20%
Valladolid Tierra de Pinares Bocigas
20%
Valladolid Campo de Peñafiel Bocos de Duero
20%
Valladolid Tierra de Campos Bolaños de Campos
20%
Soria Moncayo Borobia
20%
Burgos Ebro Bozoó
20%
Valladolid Tierra de Medina Brahojos de Medina
20%
Palencia Páramos-Valles Buenavista de Valdavia
20%
Burgos Ebro Bugedo
20%
Burgos Alfoz de Burgos Buniel
20%
Valladolid Tierra de Campos Bustillo de Chaves
20%
Palencia Páramos-Valles Bustillo de la Vega
20%
León El Páramo Bustillo del Páramo
20%
Segovia Tierra de Segovia Cabañas de Polendos
20%
Zamora Sayago Cabañas de Sayago
20%
Valladolid Tierra de Campos Cabezón de Valderaduey
20%
Soria Campo de Gómara Cabrejas del Campo
20%
Soria Pinares Cabrejas del Pinar
20%
Salamanca La Armuña Cabrerizos
20%
Valladolid Tierra de Campos Cabreros del Monte
20%
Burgos Ribera del Duero Caleruega
20%
Salamanca La Armuña Calzada de Valdunciel
20%
León El Bierzo Camponaraya
20%
Valladolid Tierra de Pinares Camporredondo
20%
Salamanca Sierra de Béjar Candelario
20%
Valladolid Páramos del Esgueva Canillas de Esgueva
20%
Salamanca Tierra de Peñaranda Cantalapiedra
20%
Soria Tierras del Burgo Caracena
20%
Salamanca Campo de Salamanca Carbajosa de la Sagrada
20%
Burgos Alfoz de Burgos Cardeñadijo
20%
Burgos Alfoz de Burgos Cardeñajimeno
20%
Valladolid Montes Torozos Casasola de Arión
20%
Segovia Tierra de Segovia Casla
20%
Salamanca La Armuña Castellanos de Moriscos
20%
Salamanca La Armuña Castellanos de Villiquera
20%
Burgos Montes de Oca Castildelgado
20%
Valladolid Tierra del Vino Castrejón de Trabancos
20%
Palencia Cerrato Castrillo de Don Juan
20%
Valladolid Campo de Peñafiel Castrillo de Duero
20%
Burgos Alfoz de Burgos Castrillo del Val
20%
Burgos Odra-Pisuerga Castrillo Matajudíos
20%
Valladolid Páramos del Esgueva Castrillo-Tejeriego
20%
Valladolid Tierra de Campos Castrobol
20%
León Tierra de La Bañeza Castrocalbón
20%
León La Cabrera Castrocontrigo
20%
Valladolid Montes Torozos Castrodeza
20%
Burgos Odra-Pisuerga Castrojeriz
20%
Valladolid Montes Torozos Castromembibre
20%
Palencia Tierra de Campos Castromocho
20%
Valladolid Montes Torozos Castromonte
20%
Zamora Tierra de Campos Castronuevo
20%
Valladolid Páramos del Esgueva Castronuevo de Esgueva
20%
Zamora Tierra de Campos Castroverde de Campos
20%
Valladolid Páramos del Esgueva Castroverde de Cerrato
20%
Zamora Tierra del Vino Cazurra
20%
Valladolid Tierra de Campos Ceinos de Campos
20%
Segovia Tierra de Ayllón Cerezo de Arriba
20%
Burgos Montes de Oca Cerezo de Río Tirón
20%
Valladolid Tierra de Medina Cervillego de la Cruz
20%
Segovia Tierra de Pinares Chañe
20%
Soria Frentes Cidones
20%
Burgos Las Merindades Cillaperlata
20%
Burgos Arlanza Cilleruelo de Abajo
20%
Burgos Arlanza Cilleruelo de Arriba
20%
Soria Campo de Gómara Ciria
20%
Segovia Tierra de Pinares Codorniz
20%
Segovia Tierra de Segovia Collado Hermoso
20%
León El Bierzo Congosto
20%
Palencia Páramos-Valles Congosto de Valdavia
20%
Zamora Tierra del Pan Coreses
20%
Valladolid Campo de Peñafiel Corrales de Duero
20%
Zamora Tierra del Vino Corrales del Vino
20%
Burgos Ribera del Duero Coruña del Conde
20%
Zamora Tierra de Campos Cotanes del Monte
20%
Soria Pinares Covaleda
20%
Burgos Arlanza Covarrubias
20%
León Montaña de Riaño Crémenes
20%
León Tierra de León Cuadros
20%
Valladolid Campiña del Pisuerga Cubillas de Santa Marta
20%
León El Bierzo Cubillos del Sil
20%
Soria Almazán Cubo de la Solana
20%
Valladolid Tierra de Campos Cuenca de Campos
20%
Soria Moncayo Cueva de Ágreda
20%
Segovia Páramos del Duratón Cuevas de Provanco
20%
Valladolid Campo de Peñafiel Curiel de Duero
20%
Palencia Montaña Dehesa de Montejo
20%
Palencia Páramos-Valles Dehesa de Romanos
20%
Soria Campo de Gómara Deza
20%
Segovia Tierra de Pinares Donhierro
20%
Salamanca Campo de Salamanca Doñinos de Salamanca
20%
Segovia Tierra de Segovia Duruelo
20%
Soria Pinares Duruelo de la Sierra
20%
Salamanca Tierra de Ledesma El Arco
20%
Ávila Burgohondo -El Tiemblo -Cebreros El Barraco
20%
Zamora Tierra del Vino El Cubo de Tierra del Vino
20%
Ávila Ávila El Fresno
20%
Ávila Arenas de San Pedro El Hornillo
20%
Ávila Burgohondo -El Tiemblo -Cebreros El Hoyo de Pinares
20%
Soria El Valle y La Vega Cintora El Royo
20%
Salamanca Guijuelo El Tejado
20%
Salamanca Sierra de Francia El Tornadizo
20%
Segovia Tierra de Sepúlveda Encinas
20%
Valladolid Páramos del Esgueva Encinas de Esgueva
20%
León La Cabrera Encinedo
20%
Burgos Ebro Encío
20%
Segovia Tierras del Cantalejo Escalona del Prado
20%
Segovia Tierras del Cantalejo Escobar de Polendos
20%
Valladolid Páramos del Esgueva Esguevillas de Esgueva
20%
Salamanca Vitigudino Espadaña
20%
Zamora La Carballeda Espadañedo
20%
Salamanca Ciudad Rodrigo Espeja
20%
Soria Tierras del Burgo Espeja de San Marcelino
20%
Soria Tierras del Burgo Espejón
20%
Burgos Alfoz de Burgos Estépar
20%
Zamora Tierra de Tábara Faramontanos de Tábara
20%
Zamora Tierra de Tábara Ferreras de Abajo
20%
Zamora La Carballeda Ferreras de Arriba
20%
Zamora Tierra de Tábara Ferreruela
20%
Ávila La Moraña Flores de Ávila
20%
León El Bierzo Folgoso de la Ribera
20%
Valladolid Páramos del Esgueva Fombellida
20%
Valladolid Campo de Peñafiel Fompedraza
20%
Zamora Aliste Fonfría
20%
Valladolid Tierra de Campos Fontihoyuelo
20%
Burgos Montes de Oca Fresneda de la Sierra Tirón
20%
Burgos Montes de Oca Fresneña
20%
Segovia Tierra de Ayllón Fresno de Cantespino
20%
León Esla-Campos Fresno de la Vega
20%
Palencia Páramos-Valles Fresno del Río
20%
Burgos Montes de Oca Fresno de Río Tirón
20%
Valladolid Tierra del Vino Fresno el Viejo
20%
Segovia Páramos del Duratón Fuente el Olmo de Fuentidueña
20%
Valladolid Tierra de Medina Fuente el Sol
20%
Soria Las Vicarías Fuentelmonge
20%
Valladolid Tierra de Pinares Fuente-Olmedo
20%
Segovia Tierras del Cantalejo Fuentepelayo
20%
Zamora La Guareña Fuentesaúco
20%
Soria Tierras Altas Fuentes de Magaña
20%
Palencia Tierra de Campos Fuentes de Nava
20%
Salamanca Ciudad Rodrigo Fuentes de Oñoro
20%
Segovia Páramos del Duratón Fuentidueña
20%
Segovia Tierra de Segovia Gallegos
20%
Valladolid Montes Torozos Gallegos de Hornija
20%
Zamora Aliste Gallegos del Río
20%
Zamora Sayago Gamones
20%
Segovia Tierras del Cantalejo Garcillán
20%
Valladolid Tierra de Campos Gatón de Campos
20%
Soria Frentes Golmayo
20%
Segovia Tierra de Pinares Gomezserracín
20%
Soria Tierras del Burgo Gormaz
20%
León Tierra de León Gradefes
20%
Zamora Tierra de Campos Granja de Moreruela
20%
Ávila Arenas de San Pedro Guisando
20%
Ávila La Moraña Hernansancho
20%
Valladolid Tierra de Campos Herrín de Campos
20%
Segovia Tierra de Sepúlveda Honrubia de la Cuesta
20%
Segovia Tierras del Cantalejo Hontalbilla
20%
Segovia Tierra de Segovia Hontanares de Eresma
20%
Burgos Sierra de la Demanda Hontoria del Pinar
20%
Valladolid Tierra de Pinares Hornillos de Eresma
20%
Burgos Alfoz de Burgos Huérmeces
20%
Salamanca Las Villas Huerta
20%
Burgos Sierra de la Demanda Huerta de Arriba
20%
Burgos Sierra de la Demanda Huerta de Rey
20%
Burgos Sedano y Las Loras Humada
20%
Burgos Alfoz de Burgos Ibeas de Juarros
20%
Burgos Montes de Oca Ibrillos
20%
Burgos Las Merindades Junta de Traslaloma
20%
Burgos Las Merindades Junta de Villalba de Losa
20%
Burgos Las Merindades Jurisdicción San Zadornil
20%
Ávila Arenas de San Pedro La Adrada
20%
Segovia Tierras del Cantalejo Labajos
20%
Zamora La Guareña La Bóveda de Toro
20%
Salamanca Ciudad Rodrigo La Fuente de San Esteban
20%
Ávila Ávila La Hija de Dios
20%
Segovia Tierra de Segovia La Losa
20%
Ávila La Moraña Langa
20%
Soria Tierras del Burgo Langa de Duero
20%
Valladolid Campo de Peñafiel Langayo
20%
Valladolid Tierra de Pinares La Parrilla
20%
Valladolid Tierra de Pinares La Pedraja de Portillo
20%
Soria Almarza La Póveda de Soria
20%
Burgos Ebro La Puebla de Arganzón
20%
Valladolid Tierra del Vino La Seca
20%
Palencia Páramos-Valles La Serna
20%
León Astorga Las Omañas
20%
Segovia Tierras del Cantalejo Lastras de Cuéllar
20%
Valladolid Tierra de Campos La Unión de Campos
20%
León Montaña de Riaño La Vecilla
20%
Valladolid Tierra de Medina La Zarza
20%
Palencia Páramos-Valles Ledigos
20%
Valladolid Tierra de Pinares Llano de Olmedo
20%
Palencia Tierra de Campos Lomas
20%
Valladolid Tierra de Medina Lomoviejo
20%
Burgos Las Merindades Los Altos
20%
Burgos Odra-Pisuerga Los Balbases
20%
Burgos La Bureba Los Barrios de Bureba
20%
León Montaña de Luna Los Barrios de Luna
20%
Soria Almazán Los Rábanos
20%
Zamora Sanabria Lubián
20%
Segovia Tierra de Sepúlveda Maderuelo
20%
Soria Tierras Altas Magaña
20%
León Astorga Magaz de Cepeda
20%
Palencia Cerrato Magaz de Pisuerga
20%
Zamora Tierra del Pan Manganeses de la Lampreana
20%
Palencia Tierra de Campos Manquillos
20%
León Esla-Campos Mansilla Mayor
20%
Zamora La Carballeda Manzanal de Arriba
20%
Zamora La Carballeda Manzanal de los Infantes
20%
Valladolid Campo de Peñafiel Manzanillo
20%
Palencia Tierra de Campos Marcilla de Campos
20%
Segovia Tierra de Pinares Martín Muñoz de la Dehesa
20%
Segovia Tierras del Cantalejo Martín Muñoz de las Posadas
20%
Valladolid Montes Torozos Marzales
20%
Segovia Tierra de Segovia Matabuena
20%
Soria Almazán Matamala de Almazán
20%
Valladolid Tierra del Vino Matilla de los Caños
20%
Valladolid Tierra de Pinares Megeces
20%
Burgos Las Merindades Merindad de Cuesta-Urria
20%
Burgos Las Merindades Merindad de Montija
20%
Burgos Alfoz de Burgos Merindad de Río Ubierna
20%
Burgos Las Merindades Merindad de Sotoscueva
20%
Soria Tierra de Medinaceli Miño de Medinaceli
20%
Salamanca Sierra de Francia Miranda del Castañar
20%
Valladolid Tierra de Pinares Mojados
20%
Soria Pinares Molinos de Duero
20%
Ávila Arenas de San Pedro Mombeltrán
20%
Burgos Alfoz de Burgos Monasterio de Rodilla
20%
Valladolid Tierra de Campos Monasterio de Vega
20%
Zamora Tierra del Pan Montamarta
20%
Soria Las Vicarías Monteagudo de las Vicarías
20%
Valladolid Tierra de Campos Montealegre de Campos
20%
Soria Tierras del Burgo Montejo de Tiermes
20%
Valladolid Tierra de Pinares Montemayor de Pililla
20%
Soria Pinares Montenegro de Cameros
20%
Segovia Tierras del Cantalejo Monterrubio
20%
Burgos Sierra de la Demanda Monterrubio de la Demanda
20%
Valladolid Tierra de Campos Moral de la Reina
20%
Zamora Sayago Moral de Sayago
20%
Valladolid Tierra de Medina Moraleja de las Panaderas
20%
Valladolid Tierra de Campos Morales de Campos
20%
Zamora Tierra del Vino Morales del Vino
20%
Zamora Alfoz de Toro Morales de Toro
20%
Zamora Tierra del Pan Muelas del Pan
20%
Zamora Sayago Muga de Sayago
20%
Segovia Tierras del Cantalejo Muñopedro
20%
Segovia Tierra de Segovia Muñoveros
20%
Valladolid Tierra de Medina Muriel de Zapardiel
20%
Soria Pinares Muriel Viejo
20%
Ávila La Moraña Nava de Arévalo
20%
Segovia Tierra de Pinares Nava de la Asunción
20%
Valladolid Tierra del Vino Nava del Rey
20%
Segovia Tierra de Segovia Navafría
20%
Soria Pinares Navaleno
20%
Segovia Tierras del Cantalejo Navalmanzano
20%
Segovia Tierra de Sepúlveda Navares de Enmedio
20%
Segovia Tierra de Sepúlveda Navares de las Cuevas
20%
Segovia Tierra de Pinares Navas de Oro
20%
Segovia Tierra de Segovia Navas de Riofrío
20%
Segovia Tierra de Segovia Navas de San Antonio
20%
Salamanca Ciudad Rodrigo Navasfrías
20%
Burgos Sierra de la Demanda Neila
20%
Segovia Tierras del Cantalejo Nieva
20%
Soria Moncayo Noviercas
20%
Ávila Ávila Ojos-Albos
20%
Valladolid Páramos del Esgueva Olivares de Duero
20%
Valladolid Páramos del Esgueva Olmos de Esgueva
20%
Palencia Páramos-Valles Olmos de Ojeda
20%
Valladolid Campo de Peñafiel Olmos de Peñafiel
20%
Soria Tierras Altas Oncala
20%
Segovia Tierra de Segovia Ortigosa del Monte
20%
León Montaña de Riaño Oseja de Sajambre
20%
Segovia Tierra de Segovia Otero de Herreros
20%
Ávila La Moraña Pajares de Adaja
20%
Burgos Sierra de la Demanda Palacios de la Sierra
20%
Valladolid Tierra de Campos Palazuelo de Vedija
20%
Segovia Tierra de Segovia Palazuelos de Eresma
20%
Palencia Tierra de Campos Paredes de Nava
20%
Burgos Las Merindades Partido de la Sierra en Tobalina
20%
Valladolid Tierra de Pinares Pedrajas de San Esteban
20%
Palencia Páramos-Valles Pedrosa de la Vega
20%
Valladolid Tierra del Vino Pedrosa del Rey
20%
Ávila Burgohondo -El Tiemblo -Cebreros Peguerinos
20%
Zamora Tierra del Vino Peleas de Abajo
20%
Valladolid Montes Torozos Peñaflor de Hornija
20%
Zamora Sayago Peñausende
20%
Zamora La Carballeda Peque
20%
Zamora Sayago Pereruela
20%
Valladolid Campo de Peñafiel Pesquera de Duero
20%
Zamora Sanabria Pías
20%
Palencia Tierra de Campos Piña de Campos
20%
Valladolid Páramos del Esgueva Piña de Esgueva
20%
Segovia Tierra de Pinares Pinarejos
20%
Palencia Páramos-Valles Pino del Río
20%
Valladolid Tierra de Pinares Portillo
20%
Zamora Sanabria Porto
20%
León Montaña de Riaño Posada de Valdeón
20%
Valladolid Tierra de Medina Pozal de Gallinas
20%
Valladolid Tierra del Vino Pozaldez
20%
Valladolid Tierra de Campos Pozuelo de la Orden
20%
Palencia Páramos-Valles Prádanos de Ojeda
20%
Segovia Tierra de Segovia Prádena
20%
Zamora Tierra de Campos Prado
20%
Burgos Montes de Oca Pradoluengo
20%
León Montaña de Riaño Puebla de Lillo
20%
Segovia Tierra de Segovia Puebla de Pedraza
20%
León El Bierzo Puente de Domingo Flórez
20%
Valladolid Tierra de Pinares Puras
20%
Soria Campo de Gómara Quiñonería
20%
Burgos La Bureba Quintanabureba
20%
Burgos Sierra de la Demanda Quintanar de la Sierra
20%
Soria Almazán Quintana Redonda
20%
Valladolid Campo de Peñafiel Quintanilla de Arriba
20%
Valladolid Tierra de Campos Quintanilla del Molar
20%
Valladolid Campiña del Pisuerga Quintanilla de Trigueros
20%
Zamora Benavente y los Valles Quintanilla de Urz
20%
Burgos La Bureba Quintanilla San García
20%
Burgos Alfoz de Burgos Quintanilla Vivar
20%
Zamora Aliste Rabanales
20%
Valladolid Campo de Peñafiel Rábano
20%
Burgos Montes de Oca Rábanos
20%
Valladolid Tierra de Medina Ramiro
20%
Segovia Tierra de Pinares Rapariegos
20%
Soria El Valle y La Vega Cintora Rebollar
20%
Burgos Montes de Oca Redecilla del Camino
20%
Burgos Montes de Oca Redecilla del Campo
20%
Burgos Sierra de la Demanda Regumiel de la Sierra
20%
Segovia Tierra de Pinares Remondo
20%
Palencia Páramos-Valles Renedo de la Vega
20%
Zamora Sanabria Requejo
20%
Palencia Tierra de Campos Requena de Campos
20%
Palencia Montaña Respenda de la Peña
20%
Salamanca Ciudad Rodrigo Retortillo
20%
Soria Tierras del Burgo Retortillo de Soria
20%
León Tierra de La Bañeza Riego de la Vega
20%
Ávila Ávila Riofrío
20%
Zamora Aliste Riofrío de Aliste
20%
Segovia Tierra de Ayllón Riofrío de Riaza
20%
Soria Tierras del Burgo Rioseco de Soria
20%
Zamora Tierra del Pan Roales
20%
Valladolid Tierra de Campos Roales de Campos
20%
Valladolid Montes Torozos Robladillo
20%
Zamora Sayago Roelos de Sayago
20%
Soria El Valle y La Vega Cintora Rollamienta
20%
Valladolid Campo de Peñafiel Roturas
20%
Burgos Alfoz de Burgos Rubena
20%
Valladolid Tierra de Medina Rubí de Bracamonte
20%
Segovia Páramos del Duratón Sacramenia
20%
Valladolid Tierra de Campos Saelices de Mayorga
20%
Burgos Sierra de la Demanda Salas de los Infantes
20%
Burgos Alfoz de Burgos Saldaña de Burgos
20%
Soria Pinares Salduero
20%
Valladolid Tierra de Medina Salvador de Zapardiel
20%
Salamanca Guijuelo Salvatierra de Tormes
20%
Segovia Tierra de Pinares Samboal
20%
Palencia Tierra de Campos San Cebrián de Campos
20%
Valladolid Montes Torozos San Cebrián de Mazote
20%
Palencia Montaña San Cebrián de Mudá
20%
Ávila La Moraña Sanchidrián
20%
Segovia Tierra de Pinares Sanchonuño
20%
Segovia Tierra de Segovia San Cristóbal de Segovia
20%
Soria Moncayo San Felices
20%
Valladolid Páramos del Esgueva San Llorente
20%
Palencia Tierra de Campos San Mamés de Campos
20%
Valladolid Campiña del Pisuerga San Martín de Valvení
20%
Segovia Tierra de Pinares San Martín y Mudrián
20%
Segovia Páramos del Duratón San Miguel de Bernuy
20%
Valladolid Tierra de Pinares San Miguel del Arroyo
20%
Valladolid Tierra del Vino San Miguel del Pino
20%
Valladolid Tierra de Medina San Pablo de la Moraleja
20%
Zamora Tierra del Pan San Pedro de la Nave-Almendra
20%
Valladolid Tierra de Campos San Pedro de Latarce
20%
Soria Tierras Altas San Pedro Manrique
20%
Valladolid Montes Torozos San Pelayo
20%
Valladolid Tierra del Vino San Román de Hornija
20%
León Astorga Santa Colomba de Somoza
20%
Ávila Arenas de San Pedro Santa Cruz del Valle
20%
Burgos Montes de Oca Santa Cruz del Valle Urbión
20%
Valladolid Tierra de Campos Santa Eufemia del Arroyo
20%
Burgos Ebro Santa Gadea del Cid
20%
Soria Tierra de Medinaceli Santa María de Huerta
20%
Ávila Ávila Santa María del Cubillo
20%
León Tierra de Sahagún Santa María del Monte de Cea
20%
Segovia Tierras del Cantalejo Santa María la Real de Nieva
20%
León El Páramo Santa Marina del Rey
20%
León Esla-Campos Santas Martas
20%
Valladolid Tierra de Campos Santervás de Campos
20%
Valladolid Tierra de Pinares Santibáñez de Valcorba
20%
Segovia Tierra de Segovia Santo Domingo de Pirón
20%
Valladolid Tierra de Medina San Vicente del Palacio
20%
Burgos Montes de Oca San Vicente del Valle
20%
Burgos Sedano y Las Loras Sargentes de la Lora
20%
Burgos Alfoz de Burgos Sarracín
20%
Burgos Odra-Pisuerga Sasamón
20%
Segovia Tierras del Cantalejo Sebúlcor
20%
Valladolid Tierra del Vino Serrada
20%
Valladolid Tierra del Vino Siete Iglesias de Trabancos
20%
Ávila Ávila Solosancho
20%
Segovia Tierra de Segovia Sotillo
20%
Ávila Arenas de San Pedro Sotillo de la Adrada
20%
Soria El Valle y La Vega Cintora Sotillo del Rincón
20%
Segovia Tierra de Segovia Sotosalbos
20%
Burgos Odra-Pisuerga Sotresgudo
20%
Soria Tierras Altas Suellacabras
20%
Palencia Tierra de Campos Támara de Campos
20%
Valladolid Tierra de Campos Tamariz de Campos
20%
Soria Almazán Tardelcuende
20%
Palencia Cerrato Tarriego de Cerrato
20%
Burgos Arlanza Tejada
20%
Soria Campo de Gómara Tejado
20%
Salamanca Tierra de Alba Terradillos
20%
Burgos Alfoz de Burgos Tinieblas de la Sierra
20%
Salamanca La Armuña Topas
20%
Valladolid Tierra de Campos Tordehumos
20%
León El Bierzo Toreno
20%
Soria Las Vicarías Torlengua
20%
Segovia Tierra de Segovia Torrecaballeros
20%
Valladolid Tierra del Vino Torrecilla de la Abadesa
20%
Valladolid Tierra del Vino Torrecilla de la Orden
20%
Valladolid Montes Torozos Torrecilla de la Torre
20%
Valladolid Páramos del Esgueva Torre de Esgueva
20%
León El Bierzo Torre del Bierzo
20%
Valladolid Campo de Peñafiel Torre de Peñafiel
20%
Zamora Sayago Torregamones
20%
Segovia Tierra de Segovia Torreiglesias
20%
Valladolid Montes Torozos Torrelobatón
20%
Segovia Tierra de Segovia Torre Val de San Pedro
20%
Soria Campo de Gómara Torrubia de Soria
20%
Burgos Montes de Oca Tosantos
20%
Valladolid Tierra de Pinares Traspinedo
20%
Segovia Tierra de Segovia Trescasas
20%
Burgos Las Merindades Trespaderne
20%
Palencia Montaña Triollo
20%
León La Cabrera Truchas
20%
Segovia Tierras del Cantalejo Turégano
20%
Soria Tierras del Burgo Ucero
20%
Valladolid Tierra de Campos Urones de Castroponce
20%
Segovia Tierra de Sepúlveda Urueñas
20%
Valladolid Páramos del Esgueva Valbuena de Duero
20%
Valladolid Campo de Peñafiel Valdearcos de la Vega
20%
Soria El Valle y La Vega Cintora Valdeavellano de Tera
20%
Valladolid Tierra de Campos Valdenebro de los Valles
20%
León Tierra de León Valdepolo
20%
León Esla-Campos Valderas
20%
Valladolid Tierra de Pinares Valdestillas
20%
Salamanca La Armuña Valdunciel
20%
Valladolid Tierra de Campos Valdunquillo
20%
Burgos Las Merindades Valle de Losa
20%
Burgos Las Merindades Valle de Manzanedo
20%
Burgos Las Merindades Valle de Mena
20%
Burgos Las Merindades Valle de Tobalina
20%
Burgos Sierra de la Demanda Valle de Valdelaguna
20%
Segovia Tierra de Pinares Vallelado
20%
Burgos Ebro Valluércanes
20%
Burgos Montes de Oca Valmala
20%
Valladolid Tierra de Campos Valverde de Campos
20%
Segovia Tierras del Cantalejo Valverde del Majano
20%
León El Bierzo Vega de Espinareda
20%
Valladolid Tierra de Campos Vega de Ruiponce
20%
Valladolid Montes Torozos Vega de Valdetronco
20%
León Tierra de León Vegas del Condado
20%
Segovia Tierra de Segovia Vegas de Matute
20%
Valladolid Tierra de Medina Velascálvaro
20%
Soria Frentes Velilla de la Sierra
20%
Valladolid Montes Torozos Velliza
20%
Valladolid Tierra del Vino Ventosa de la Cuesta
20%
Soria Almazán Viana de Duero
20%
Valladolid Páramos del Esgueva Villabáñez
20%
Valladolid Tierra de Campos Villabaruz de Campos
20%
Valladolid Tierra de Campos Villabrágima
20%
Valladolid Tierra de Campos Villacarralón
20%
Palencia Tierra de Campos Villacidaler
20%
Valladolid Tierra de Campos Villacid de Campos
20%
Soria Frentes Villaciervos
20%
Valladolid Páramos del Esgueva Villaco
20%
Palencia Tierra de Campos Villada
20%
León El Páramo Villadangos del Páramo
20%
Valladolid Tierra de Campos Villafrades de Campos
20%
Valladolid Tierra del Vino Villafranca de Duero
20%
Burgos Montes de Oca Villafranca Montes de Oca
20%
Valladolid Tierra de Campos Villafrechós
20%
Valladolid Páramos del Esgueva Villafuerte
20%
Burgos Montes de Oca Villagalijo
20%
Valladolid Tierra de Campos Villagarcía de Campos
20%
Valladolid Tierra de Campos Villagómez la Nueva
20%
Burgos Alfoz de Burgos Villagonzalo Pedernales
20%
Palencia Tierra de Campos Villaherreros
20%
Valladolid Tierra de Campos Villalán de Campos
20%
Zamora Tierra del Vino Villalazán
20%
Valladolid Tierra de Campos Villalba de la Loma
20%
Valladolid Montes Torozos Villalba de los Alcores
20%
Valladolid Montes Torozos Villalbarba
20%
Palencia Tierra de Campos Villalcázar de Sirga
20%
Palencia Tierra de Campos Villalobón
20%
Zamora Tierra de Campos Villalobos
20%
León Esla-Campos Villamañán
20%
Salamanca La Armuña Villamayor
20%
Burgos Montes de Oca Villambistia
20%
Palencia Páramos-Valles Villameriel
20%
León Tierra de Sahagún Villamol
20%
Valladolid Tierra de Pinares Villanueva de Duero
20%
Valladolid Tierra de Campos Villanueva de la Condesa
20%
Valladolid Tierra de Campos Villanueva de los Caballeros
20%
Valladolid Páramos del Esgueva Villanueva de los Infantes
20%
Valladolid Tierra de Campos Villanueva de San Mancio
20%
León Astorga Villaobispo de Otero
20%
Zamora Tierra del Vino Villaralbo
20%
Salamanca Ciudad Rodrigo Villar de Ciervo
20%
Valladolid Montes Torozos Villardefrades
20%
Soria El Valle y La Vega Cintora Villar del Ala
20%
Zamora Sayago Villar del Buey
20%
Soria Tierras Altas Villar del Río
20%
Zamora Alfoz de Toro Villardondiego
20%
Salamanca La Armuña Villares de la Reina
20%
Palencia Tierra de Campos Villarmentero de Campos
20%
Valladolid Páramos del Esgueva Villarmentero de Esgueva
20%
Soria Almazán Villasayas
20%
Valladolid Montes Torozos Villasexmir
20%
Burgos Alfoz de Burgos Villasur de Herreros
20%
Palencia Tierra de Campos Villaturde
20%
Palencia Tierra de Campos Villaumbrales
20%
Valladolid Páramos del Esgueva Villavaquerín
20%
Valladolid Montes Torozos Villavellid
20%
Segovia Tierra de Pinares Villaverde de Íscar
20%
Valladolid Tierra de Medina Villaverde de Medina
20%
Valladolid Tierra de Campos Villavicencio de los Caballeros
20%
Palencia Cerrato Villaviudas
20%
Palencia Tierra de Campos Villoldo
20%
Salamanca Las Villas Villoria
20%
Valladolid Tierra de Pinares Viloria
20%
Zamora Aliste Viñas
20%
Soria Pinares Vinuesa
20%
Soria Tierras Altas Yanguas
20%
Segovia Tierras del Cantalejo Yanguas de Eresma
20%
Soria Tierra de Medinaceli Yelo
20%
Segovia Tierra de Segovia Zarzuela del Monte
20%
Segovia Tierra de Pinares Zarzuela del Pinar
20%
Burgos La Bureba Abajas
0%
Palencia Tierra de Campos Abarca de Campos
0%
Zamora Alfoz de Toro Abezames
0%
Palencia Tierra de Campos Abia de las Torres
0%
Salamanca Ciudad Rodrigo Abusejo
0%
León Montaña de Riaño Acebedo
0%
Burgos Ribera del Duero Adrada de Haza
0%
Segovia Tierra de Segovia Adrada de Pirón
0%
Soria Almazán Adradas
0%
Segovia Tierra de Pinares Adrados
0%
Salamanca Ciudad Rodrigo Agallas
0%
Burgos La Bureba Aguas Cándidas
0%
Segovia Tierras del Cantalejo Aguilafuente
0%
Burgos La Bureba Aguilar de Bureba
0%
Salamanca Vitigudino Ahigal de los Aceiteros
0%
Salamanca Vitigudino Ahigal de Villarino
0%
Salamanca Tierra de Peñaranda Alaraz
0%
Palencia Cerrato Alba de Cerrato
0%
Salamanca Ciudad Rodrigo Alba de Yeltes
0%
Burgos Alfoz de Burgos Albillos
0%
Ávila Ávila Albornos
0%
Burgos La Bureba Alcocero de Mola
0%
Soria Frentes Alconaba
0%
Salamanca Tierra de Peñaranda Alconada
0%
Segovia Tierra de Ayllón Alconada de Maderuelo
0%
Soria Tierras del Burgo Alcubilla de Avellaneda
0%
Soria Tierra de Medinaceli Alcubilla de las Peñas
0%
Zamora Benavente y los Valles Alcubilla de Nogales
0%
Salamanca Sierra de Béjar Aldeacipreste
0%
Salamanca Ciudad Rodrigo Aldea del Obispo
0%
Soria Campo de Gómara Aldealafuente
0%
Segovia Tierra de Sepúlveda Aldealcorvo
0%
Segovia Tierra de Ayllón Aldealengua de Santa María
0%
Soria Almarza Aldealices
0%
Soria Frentes Aldealpozo
0%
Soria Almarza Aldealseñor
0%
Salamanca La Armuña Aldeanueva de Figueroa
0%
Segovia Tierra de Sepúlveda Aldeanueva de la Serrezuela
0%
Salamanca Sierra de Francia Aldeanueva de la Sierra
0%
Segovia Tierra de Pinares Aldeanueva del Codonal
0%
Ávila El Barcode Ávila-Piedrahíta Aldeanueva de Santa Cruz
0%
Segovia Tierras del Cantalejo Aldea Real
0%
Salamanca Tierra de Ledesma Aldearrodrigo
0%
Ávila La Moraña Aldeaseca
0%
Salamanca Tierra de Alba Aldeaseca de Alba
0%
Salamanca Tierra de Peñaranda Aldeaseca de la Frontera
0%
Segovia Páramos del Duratón Aldeasoña
0%
Salamanca Guijuelo Aldeavieja de Tormes
0%
Segovia Tierra de Sepúlveda Aldehorno
0%
Salamanca Campo de Salamanca Aldehuela de la Bóveda
0%
Segovia Tierra de Pinares Aldehuela del Codonal
0%
Soria Frentes Aldehuela de Periáñez
0%
Salamanca Ciudad Rodrigo Aldehuela de Yeltes
0%
Segovia Tierra de Sepúlveda Aldeonte
0%
Soria Almazán Alentisque
0%
Burgos Alfoz de Burgos Alfoz de Quintanadueñas
0%
León Esla-Campos Algadefe
0%
Zamora Tierra del Pan Algodre
0%
León Tierra de La Bañeza Alija del Infantado
0%
Soria Campo de Gómara Aliud
0%
Soria Almarza Almajano
0%
Zamora Tierra del Pan Almaraz de Duero
0%
Salamanca Tierra de Ledesma Almenara de Tormes
0%
Ávila Ávila Amavida
0%
Palencia Tierra de Campos Amayuelas de Arriba
0%
Salamanca Tierra de Alba Anaya de Alba
0%
Zamora Tierra del Pan Andavías
0%
Burgos Ribera del Duero Anguix
0%
Salamanca Tierra de Ledesma Añover de Tormes
0%
Salamanca Las Villas Arabayona de Mógica
0%
Segovia Tierra de Segovia Arahuetes
0%
Soria Frentes Arancón
0%
Burgos Sierra de la Demanda Arauzo de Miel
0%
Burgos Sierra de la Demanda Arauzo de Salce
0%
Burgos Sierra de la Demanda Arauzo de Torre
0%
Salamanca La Armuña Arcediano
0%
Zamora Tierra del Vino Arcenillas
0%
Palencia Tierra de Campos Arconada
0%
Burgos Alfoz de Burgos Arcos de la Llana
0%
Zamora Benavente y los Valles Arcos de la Polvorosa
0%
León El Páramo Ardón
0%
Burgos Odra-Pisuerga Arenillas de Riopisuerga
0%
Ávila El Barcode Ávila-Piedrahíta Arevalillo
0%
Segovia Tierra de Segovia Arevalillo de Cega
0%
Soria Almarza Arévalo de la Sierra
0%
Zamora Sayago Argañín
0%
León El Bierzo Arganza
0%
Zamora La Guareña Arguijillo
0%
Salamanca Tierra de Alba Armenteros
0%
Segovia Tierras del Cantalejo Armuña
0%
Zamora Tierra del Pan Arquillinos
0%
Zamora Benavente y los Valles Arrabalde
0%
Zamora Alfoz de Toro Aspariegos
0%
Soria Almarza Ausejo de la Sierra
0%
Palencia Tierra de Campos Autilla del Pino
0%
Palencia Tierra de Campos Autillo de Campos
0%
Ávila Ávila Aveinte
0%
Ávila El Barcode Ávila-Piedrahíta Avellaneda
0%
Burgos Arlanza Avellanosa de Muñó
0%
Zamora Benavente y los Valles Ayoó de Vidriales
0%
Palencia Páramos-Valles Ayuela
0%
Salamanca Las Villas Babilafuente
0%
Burgos Ribera del Duero Bahabón de Esgueva
0%
León El Bierzo Balboa
0%
Salamanca Vitigudino Bañobárez
0%
Burgos Ribera del Duero Baños de Valdearados
0%
Burgos Montes de Oca Bañuelos de Bureba
0%
Palencia Tierra de Campos Baquerín de Campos
0%
Burgos Sierra de la Demanda Barbadillo del Mercado
0%
Salamanca Campo de Salamanca Barbalos
0%
Segovia Tierra de Sepúlveda Barbolla
0%
Salamanca Vitigudino Barceo
0%
Zamora Benavente y los Valles Barcial del Barco
0%
León El Bierzo Barjas
0%
Burgos Odra-Pisuerga Barrio de Muñó
0%
Burgos Alfoz de Burgos Barrios de Colina
0%
Ávila La Moraña Barromán
0%
Salamanca Vitigudino Barruecopardo
0%
Soria Berlanga Bayubas de Abajo
0%
Soria Berlanga Bayubas de Arriba
0%
Ávila El Barcode Ávila-Piedrahíta Becedas
0%
Ávila El Barcode Ávila-Piedrahíta Becedillas
0%
Burgos Arlanza Belbimbre
0%
Salamanca Tierra de Alba Beleña
0%
Palencia Tierra de Campos Belmonte de Campos
0%
Zamora Tierra de Campos Belver de los Montes
0%
Zamora Tierra del Pan Benegiles
0%
León La Cabrera Benuza
0%
Soria Moncayo Beratón
0%
Segovia Tierras del Cantalejo Bercial
0%
Ávila La Moraña Bercial de Zapardiel
0%
Segovia Tierra de Sepúlveda Bercimuel
0%
León El Bierzo Berlanga del Bierzo
0%
Burgos Ribera del Duero Berlangas de Roa
0%
Salamanca Vitigudino Bermellar
0%
Segovia Tierras del Cantalejo Bernardos
0%
Ávila La Moraña Bernuy-Zapardiel
0%
Salamanca Campo de Salamanca Berrocal de Huebra
0%
Salamanca Guijuelo Berrocal de Salvatierra
0%
Ávila Ávila Berrocalejo de Aragona
0%
Burgos La Bureba Berzosa de Bureba
0%
Soria Tierras del Burgo Blacos
0%
Ávila Ávila Blascomillán
0%
Ávila La Moraña Blasconuño de Matacabras
0%
Ávila Ávila Blascosancho
0%
Soria Campo de Gómara Bliecos
0%
Palencia Tierra de Campos Boadilla del Camino
0%
Segovia Tierra de Sepúlveda Boceguillas
0%
Salamanca Vitigudino Bogajo
0%
Ávila El Barcode Ávila-Piedrahíta Bohoyo
0%
Ávila El Barcode Ávila-Piedrahíta Bonilla de la Sierra
0%
Soria Almazán Borjabad
0%
León El Bierzo Borrenes
0%
Salamanca Tierra de Peñaranda Bóveda del Río Almar
0%
Ávila Ávila Brabos
0%
León Astorga Brañuelas
0%
Burgos Ribera del Duero Brazacorta
0%
León Astorga Brazuelo
0%
Zamora Benavente y los Valles Bretó
0%
Zamora Benavente y los Valles Bretocino
0%
Segovia Tierra de Segovia Brieva
0%
Zamora Benavente y los Valles Brime de Sog
0%
Zamora Benavente y los Valles Brime de Urz
0%
Salamanca Vitigudino Brincones
0%
Soria Campo de Gómara Buberos
0%
Salamanca Campo de Salamanca Buenamadre
0%
Soria Almarza Buitrago
0%
Ávila Ávila Bularros
0%
Zamora Benavente y los Valles Burganes de Valverde
0%
León Montaña de Riaño Burón
0%
Palencia Páramos-Valles Bustillo del Páramo de Carrión
0%
Zamora Alfoz de Toro Bustillo de Oro
0%
Burgos La Bureba Busto de Bureba
0%
Segovia Tierra de Segovia Caballar
0%
León El Bierzo Cabañas Raras
0%
Burgos Arlanza Cabañes de Esgueva
0%
Salamanca La Armuña Cabezabellosa de la Calzada
0%
Salamanca Vitigudino Cabeza del Caballo
0%
Ávila La Moraña Cabezas de Alambre
0%
Ávila La Moraña Cabezas del Pozo
0%
Ávila Ávila Cabezas del Villar
0%
Burgos Sierra de la Demanda Cabezón de la Sierra
0%
Segovia Tierras del Cantalejo Cabezuela
0%
Ávila La Moraña Cabizuela
0%
León Esla-Campos Cabreros del Río
0%
León Montaña de Luna Cabrillanes
0%
Salamanca Ciudad Rodrigo Cabrillas
0%
Segovia Páramos del Duratón Calabazas de Fuentidueña
0%
Palencia Páramos-Valles Calahorra de Boedo
0%
Soria Berlanga Caltojar
0%
Salamanca Campo de Salamanca Calvarrasa de Abajo
0%
Salamanca Campo de Salamanca Calvarrasa de Arriba
0%
Salamanca Campo de Salamanca Calzada de Don Diego
0%
León Tierra de Sahagún Calzada del Coto
0%
Palencia Tierra de Campos Calzada de los Molinos
0%
Zamora Benavente y los Valles Calzadilla de Tera
0%
Zamora Benavente y los Valles Camarzana de Tera
0%
León Esla-Campos Campazas
0%
Burgos Ribera del Duero Campillo de Aranda
0%
Salamanca Ciudad Rodrigo Campillo de Azaba
0%
Segovia Tierra de Sepúlveda Campo de San Pedro
0%
León Esla-Campos Campo de Villavidel
0%
Burgos Sierra de la Demanda Campolara
0%
Ávila La Moraña Canales
0%
Soria Las Vicarías Cañamaque
0%
Soria Campo de Gómara Candilichera
0%
León El Bierzo Candín
0%
Burgos Sierra de la Demanda Canicosa de la Sierra
0%
Salamanca Campo de Salamanca Canillas de Abajo
0%
Zamora La Guareña Cañizal
0%
Zamora Tierra de Campos Cañizo
0%
Burgos La Bureba Cantabrana
0%
Salamanca Sierra de Béjar Cantagallo
0%
Salamanca Tierra de Peñaranda Cantalpino
0%
Salamanca Tierra de Peñaranda Cantaracillo
0%
Segovia Tierras del Cantalejo Cantimpalos
0%
Ávila La Moraña Cantiveros
0%
Palencia Tierra de Campos Capillas
0%
Soria Campo de Gómara Carabantes
0%
Segovia Tierra de Sepúlveda Carabias
0%
Burgos Sierra de la Demanda Carazo
0%
Zamora Tierra de Alba Carbajales de Alba
0%
Zamora Sayago Carbellino
0%
Segovia Tierras del Cantalejo Carbonero el Mayor
0%
Burgos La Bureba Carcedo de Bureba
0%
Burgos Alfoz de Burgos Carcedo de Burgos
0%
Palencia Tierra de Campos Cardeñosa de Volpejera
0%
Burgos Alfoz de Burgos Cardeñuela Riopico
0%
León Montaña de Riaño Cármenes
0%
Salamanca Ciudad Rodrigo Carpio de Azaba
0%
León El Bierzo Carracedelo
0%
Salamanca Campo de Salamanca Carrascal de Barregas
0%
Salamanca Campo de Salamanca Carrascal del Obispo
0%
Segovia Páramos del Duratón Carrascal del Río
0%
Soria Tierras del Burgo Carrascosa de Abajo
0%
Soria Almarza Carrascosa de la Sierra
0%
Burgos Montes de Oca Carrias
0%
León Astorga Carrizo de la Ribera
0%
León Montaña de Luna Carrocera
0%
León El Bierzo Carucedo
0%
Salamanca Guijuelo Casafranca
0%
Soria Pinares Casarejos
0%
Ávila El Barcode Ávila-Piedrahíta Casas del Puerto
0%
Zamora Tierra del Vino Casaseca de Campeán
0%
Zamora Tierra del Vino Casaseca de las Chanas
0%
Ávila Arenas de San Pedro Casavieja
0%
Burgos La Bureba Cascajares de Bureba
0%
Burgos Sierra de la Demanda Cascajares de la Sierra
0%
Ávila Arenas de San Pedro Casillas
0%
Salamanca Ciudad Rodrigo Casillas de Flores
0%
Burgos Odra-Pisuerga Castellanos de Castro
0%
Ávila La Moraña Castellanos de Zapardiel
0%
Burgos La Bureba Castil de Peones
0%
Palencia Tierra de Campos Castil de Vela
0%
León Esla-Campos Castilfalé
0%
Soria Almarza Castilfrío de la Sierra
0%
Salamanca Ciudad Rodrigo Castillejo de Martín Viejo
0%
Segovia Tierra de Segovia Castillejo de Mesléon
0%
Soria Tierras del Burgo Castillejo de Robledo
0%
Soria Moncayo Castilruiz
0%
Salamanca Ciudad Rodrigo Castraz
0%
Palencia Montaña Castrejón de la Peña
0%
León La Cabrera Castrillo de Cabrera
0%
Zamora La Guareña Castrillo de la Guareña
0%
Burgos Sierra de la Demanda Castrillo de la Reina
0%
León Tierra de La Bañeza Castrillo de la Valduerna
0%
Burgos Ribera del Duero Castrillo de la Vega
0%
Palencia Cerrato Castrillo de Onielo
0%
Burgos Odra-Pisuerga Castrillo de Riopisuerga
0%
Palencia Tierra de Campos Castrillo de Villavega
0%
Segovia Páramos del Duratón Castro de Fuentidueña
0%
Zamora Benavente y los Valles Castrogonzalo
0%
Segovia Tierra de Sepúlveda Castrojimeno
0%
León El Bierzo Castropodame
0%
Segovia Tierra de Segovia Castroserna de Abajo
0%
Segovia Tierra de Sepúlveda Castroserracín
0%
León Tierra de Sahagún Castrotierra del Valmadrigal
0%
Burgos Alfoz de Burgos Cavia
0%
Burgos Alfoz de Burgos Cayuela
0%
León Tierra de León Cebanico
0%
Burgos Arlanza Cebrecos
0%
León Tierra de La Bañeza Cebrones del Río
0%
Segovia Tierra de Sepúlveda Cedillo de la Torre
0%
Burgos Alfoz de Burgos Celada del Camino
0%
León Esla-Campos Cembranos
0%
Soria Berlanga Centenera de Andaluz
0%
Salamanca Sierra de Francia Cepeda
0%
Ávila El Barcode Ávila-Piedrahíta Cepeda la Mora
0%
Soria Tierras Altas Cerbón
0%
Salamanca Sierra de Francia Cereceda de la Sierra
0%
Zamora Tierra de Campos Cerecinos de Campos
0%
Zamora Tierra del Pan Cerecinos del Carrizal
0%
Salamanca Vitigudino Cerezal de Peñahorcada
0%
Zamora La Carballeda Cernadilla
0%
Salamanca Vitigudino Cerralbo
0%
Burgos Montes de Oca Cerratón de Juarros
0%
Palencia Tierra de Campos Cervatos de la Cueza
0%
Salamanca Guijuelo Cespedosa de Tormes
0%
Palencia Cerrato Cevico de la Torre
0%
Palencia Cerrato Cevico Navero
0%
Salamanca Tierra de Alba Chagarcía Medianero
0%
Ávila Ávila Chamartín
0%
León El Páramo Chozas de Abajo
0%
Burgos Arlanza Ciadoncha
0%
Soria Tierras Altas Cigudosa
0%
Soria Campo de Gómara Cihuela
0%
Ávila Ávila Cillán
0%
Salamanca Sierra de Francia Cilleros de la Bastida
0%
Segovia Tierra de Sepúlveda Cilleruelo de San Mamés
0%
León Esla-Campos Cimanes de la Vega
0%
León Tierra de León Cimanes del Tejar
0%
Salamanca Vitigudino Cipérez
0%
Burgos Arlanza Ciruelos de Cervera
0%
Soria Almarza Cirujales del Río
0%
Ávila La Moraña Cisla
0%
Palencia Tierra de Campos Cisneros
0%
Palencia Cerrato Cobos de Cerrato
0%
Segovia Páramos del Duratón Cobos de Fuentidueña
0%
Zamora Sanabria Cobreros
0%
Salamanca Tierra de Alba Coca de Alba
0%
Burgos Alfoz de Burgos Cogollos
0%
Ávila La Moraña Collado de Contreras
0%
Ávila El Barcode Ávila-Piedrahíta Collado del Mirón
0%
Palencia Páramos-Valles Collazos de Boedo
0%
Salamanca Sierra de Béjar Colmenar de Montemayor
0%
Segovia Tierra de Sepúlveda Condado de Castilnovo
0%
Burgos Sierra de la Demanda Contreras
0%
Zamora Benavente y los Valles Coomonte
0%
León Esla-Campos Corbillos de los Oteros
0%
Segovia Tierra de Ayllón Corral de Ayllón
0%
León El Bierzo Corullón
0%
Soria Almazán Coscurita
0%
Ávila La Moraña Costanzana
0%
Segovia Páramos del Duratón Cozuelos de Fuentidueña
0%
Ávila La Moraña Crespos
0%
Salamanca Sierra de Béjar Cristóbal
0%
Palencia Cerrato Cubillas de Cerrato
0%
León Esla-Campos Cubillas de los Oteros
0%
León Tierra de León Cubillas de Rueda
0%
Burgos Alfoz de Burgos Cubillo del Campo
0%
Zamora Benavente y los Valles Cubo de Benavente
0%
Burgos La Bureba Cubo de Bureba
0%
Zamora Tierra del Vino Cuelgamures
0%
Ávila Arenas de San Pedro Cuevas del Valle
0%
Burgos Arlanza Cuevas de San Clemente
0%
León Tierra de La Bañeza Destriana
0%
Soria Moncayo Dévanos
0%
Ávila Ávila Diego del Carpio
0%
Salamanca Ciudad Rodrigo Dios le Guarde
0%
Segovia Tierras del Cantalejo Domingo García
0%
Salamanca Tierra de Ledesma Doñinos de Ledesma
0%
Ávila La Moraña Donjimeno
0%
Ávila La Moraña Donvidas
0%
Salamanca Tierra de Alba Éjeme
0%
Ávila Arenas de San Pedro El Arenal
0%
Salamanca Ciudad Rodrigo El Bodón
0%
Ávila La Moraña El Bohodón
0%
León Tierra de Sahagún El Burgo Ranero
0%
Salamanca Sierra de Francia El Cabaco
0%
Salamanca Tierra de Peñaranda El Campo de Peñaranda
0%
Salamanca Sierra de Béjar El Cerro
0%
Salamanca Vitigudino El Cubo de Don Sancho
0%
Ávila El Barcode Ávila-Piedrahíta El Losar del Barco
0%
Zamora La Guareña El Maderal
0%
Salamanca Sierra de Francia El Maíllo
0%
Salamanca Vitigudino El Manzano
0%
Salamanca Vitigudino El Milano
0%
Ávila El Barcode Ávila-Piedrahíta El Mirón
0%
Ávila Ávila El Parral
0%
Salamanca Ciudad Rodrigo El Payo
0%
Salamanca La Armuña El Pedroso de la Armuña
0%
Zamora La Guareña El Pego
0%
Zamora Tierra del Vino El Perdigón
0%
Zamora Tierra del Vino El Piñero
0%
Salamanca Campo de Salamanca El Pino de Tormes
0%
Salamanca Ciudad Rodrigo El Sahugo
0%
Salamanca Tierra de Ledesma Encina de San Silvestre
0%
Salamanca Las Villas Encinas de Abajo
0%
Salamanca Tierra de Alba Encinas de Arriba
0%
Salamanca Vitigudino Encinasola de los Comendadores
0%
Segovia Tierra de Segovia Encinillas
0%
Salamanca Guijuelo Endrinal
0%
Zamora Tierra del Vino Entrala
0%
Segovia Tierras del Cantalejo Escarabajosa de Cabezas
0%
León Tierra de Sahagún Escobar de Campos
0%
Soria Almazán Escobosa de Almazán
0%
Salamanca Sierra de Francia Escurial de la Sierra
0%
Salamanca La Armuña Espino de la Orbada
0%
Palencia Cerrato Espinosa de Cerrato
0%
Burgos Ribera del Duero Espinosa de Cervera
0%
Burgos Montes de Oca Espinosa del Camino
0%
Ávila La Moraña Espinosa de los Caballeros
0%
Palencia Tierra de Campos Espinosa de Villagonzalo
0%
Segovia Tierra de Segovia Espirdo
0%
León Astorga Estación de Valderrey
0%
Soria Almarza Estepa de San Juan
0%
León El Bierzo Fabero
0%
Zamora Sayago Fariza
0%
Zamora Aliste Figueruela de Arriba
0%
Salamanca Campo de Salamanca Florida de Liébana
0%
León Tierra de Sahagún Foncabada
0%
Burgos Arlanza Fontioso
0%
Ávila La Moraña Fontiveros
0%
Salamanca La Armuña Forfoleda
0%
Salamanca Guijuelo Frades de la Sierra
0%
Burgos Alfoz de Burgos Frandovínez
0%
Soria Almazán Frechilla de Almazán
0%
Segovia Tierra de Pinares Fresneda de Cuéllar
0%
Ávila Arenas de San Pedro Fresnedilla
0%
Salamanca Sierra de Béjar Fresnedoso
0%
Burgos Ribera del Duero Fresnillo de las Dueñas
0%
Salamanca Tierra de Alba Fresno Alhándiga
0%
Soria Tierras del Burgo Fresno de Caracena
0%
Segovia Tierra de Sepúlveda Fresno de la Fuente
0%
Zamora Benavente y los Valles Fresno de la Polvorosa
0%
Zamora Alfoz de Toro Fresno de la Ribera
0%
Burgos Alfoz de Burgos Fresno de Rodilla
0%
Zamora Sayago Fresno de Sayago
0%
Zamora Benavente y los Valles Friera de Valverde
0%
Segovia Tierra de Pinares Frumales
0%
Soria Tierras del Burgo Fuentearmegil
0%
Burgos La Bureba Fuentebureba
0%
Soria Tierras del Burgo Fuentecambrón
0%
Soria Frentes Fuentecantos
0%
Burgos Ribera del Duero Fuentecén
0%
Segovia Tierra de Pinares Fuente de Santa Cruz
0%
Segovia Tierra de Pinares Fuente el Olmo de Íscar
0%
Ávila La Moraña Fuente el Saúz
0%
Zamora Benavente y los Valles Fuente Encalada
0%
Salamanca Ciudad Rodrigo Fuenteguinaldo
0%
Zamora La Guareña Fuentelapeña
0%
Burgos Ribera del Duero Fuentelcésped
0%
Salamanca Vitigudino Fuenteliante
0%
Burgos Ribera del Duero Fuentelisendo
0%
Soria Almarza Fuentelsaz de Soria
0%
Burgos Ribera del Duero Fuentemolinos
0%
Burgos Ribera del Duero Fuentenebro
0%
Segovia Páramos del Duratón Fuentepiñel
0%
Soria Berlanga Fuentepinilla
0%
Segovia Tierras del Cantalejo Fuenterrebollo
0%
Salamanca Guijuelo Fuenterroble de Salvatierra
0%
Segovia Páramos del Duratón Fuentesaúco de Fuentidueña
0%
Ávila La Moraña Fuentes de Año
0%
Salamanca Sierra de Béjar Fuentes de Béjar
0%
León Esla-Campos Fuentes de Carbajal
0%
Zamora Benavente y los Valles Fuentes de Ropel
0%
Palencia Tierra de Campos Fuentes de Valdepero
0%
Zamora Alfoz de Toro Fuentesecas
0%
Segovia Páramos del Duratón Fuentesoto
0%
Burgos Ribera del Duero Fuentespina
0%
Zamora Tierra del Vino Fuentespreadas
0%
Soria Moncayo Fuentestrún
0%
Salamanca Tierra de Alba Gajates
0%
Burgos La Bureba Galbarros
0%
Zamora Sanabria Galende
0%
Salamanca Campo de Salamanca Galindo y Perahuy
0%
Salamanca Tierra de Alba Galinduste
0%
Salamanca Tierra de Alba Galisancho
0%
Ávila Ávila Gallegos de Altamiros
0%
Salamanca Ciudad Rodrigo Gallegos de Argañán
0%
Zamora Alfoz de Toro Gallegos del Pan
0%
Ávila Ávila Gallegos de Sobrinos
0%
Salamanca Guijuelo Gallegos de Solmirón
0%
Salamanca Sierra de Francia Garcibuey
0%
Salamanca Tierra de Alba Garcihernández
0%
Salamanca Campo de Salamanca Garcirrey
0%
Ávila El Barcode Ávila-Piedrahíta Garganta del Villar
0%
León Tierra de León Garrafe de Torío
0%
Ávila Arenas de San Pedro Gavilanes
0%
Salamanca Tierra de Ledesma Gejuelo del Barro
0%
Zamora Tierra del Vino Gema
0%
Ávila Ávila Gemuño
0%
Ávila El Barcode Ávila-Piedrahíta Gilbuena
0%
Ávila El Barcode Ávila-Piedrahíta Gil García
0%
Ávila La Moraña Gimialcón
0%
Salamanca Tierra de Ledesma Golpejas
0%
Salamanca La Armuña Gomecello
0%
León Tierra de Sahagún Gordaliza del Pino
0%
León Esla-Campos Gordoncillo
0%
Ávila Ávila Gotarrendura
0%
León Tierra de Sahagún Grajal de Campos
0%
Segovia Tierra de Sepúlveda Grajera
0%
Ávila Ávila Grandes y San Martín
0%
Zamora Benavente y los Valles Granucillo
0%
Burgos Odra-Pisuerga Grijalba
0%
Burgos La Bureba Grisaleña
0%
Salamanca Vitigudino Guadramiro
0%
Zamora La Guareña Guarrate
0%
Palencia Tierra de Campos Guaza de Campos
0%
Salamanca Guijuelo Guijo de Ávila
0%
Burgos Ribera del Duero Gumiel de Izán
0%
Burgos Ribera del Duero Gumiel de Mercado
0%
León Esla-Campos Gusendos de los Oteros
0%
Ávila La Moraña Gutierre-Muñoz
0%
Burgos Sierra de la Demanda Hacinas
0%
Burgos Ribera del Duero Haza
0%
Salamanca Ciudad Rodrigo Herguijuela de Ciudad Rodrigo
0%
Salamanca Sierra de Francia Herguijuela de la Sierra
0%
Salamanca Guijuelo Herguijuela del Campo
0%
Palencia Cerrato Hérmedes de Cerrato
0%
Ávila Ávila Herradón de Pinares
0%
Soria Pinares Herrera de Soria
0%
Palencia Cerrato Herrera de Valdecañas
0%
Ávila Ávila Herreros de Suso
0%
Ávila Arenas de San Pedro Higuera de las Dueñas
0%
Salamanca Vitigudino Hinojosa de Duero
0%
Soria Campo de Gómara Hinojosa del Campo
0%
Burgos Odra-Pisuerga Hontanas
0%
Burgos Ribera del Duero Hontangas
0%
Palencia Cerrato Hontoria de Cerrato
0%
Burgos Alfoz de Burgos Hontoria de la Cantera
0%
Burgos Ribera del Duero Hontoria de Valdearados
0%
Ávila La Moraña Horcajo de las Torres
0%
Salamanca Sierra de Béjar Horcajo de Montemayor
0%
Salamanca Tierra de Alba Horcajo Medianero
0%
Palencia Cerrato Hornillos de Cerrato
0%
Burgos Alfoz de Burgos Hornillos del Camino
0%
Burgos Sierra de la Demanda Hortigüela
0%
Burgos Ribera del Duero Hoyales de Roa
0%
Ávila Burgohondo -El Tiemblo -Cebreros Hoyocasero
0%
Ávila El Barcode Ávila-Piedrahíta Hoyorredondo
0%
Ávila El Barcode Ávila-Piedrahíta Hoyos del Collado
0%
Ávila El Barcode Ávila-Piedrahíta Hoyos del Espino
0%
Ávila El Barcode Ávila-Piedrahíta Hoyos de Miguel Muñoz
0%
Burgos Alfoz de Burgos Hurones
0%
Ávila Ávila Hurtumpascual
0%
Burgos Arlanza Iglesiarrubia
0%
Burgos Odra-Pisuerga Iglesias
0%
León El Bierzo Igüeña
0%
Salamanca Vitigudino Iruelos
0%
Burgos Alfoz de Burgos Isar
0%
Palencia Tierra de Campos Itero de la Vega
0%
Burgos Odra-Pisuerga Itero del Castillo
0%
Salamanca Ciudad Rodrigo Ituero de Azaba
0%
Segovia Tierra de Segovia Ituero y Lama
0%
León Esla-Campos Izagre
0%
Zamora Tierra del Vino Jambrina
0%
Burgos Sierra de la Demanda Jaramillo de la Fuente
0%
Burgos Sierra de la Demanda Jaramillo Quemado
0%
León Tierra de Sahagún Joarilla de las Matas
0%
Segovia Tierras del Cantalejo Juarros de Riomoros
0%
Segovia Tierras del Cantalejo Juarros de Voltoya
0%
Ávila El Barcode Ávila-Piedrahíta Junciana
0%
Burgos Sierra de la Demanda Jurisdicción de Lara
0%
Zamora La Carballeda Justel
0%
Salamanca Tierra de Ledesma Juzbado
0%
Salamanca Ciudad Rodrigo La Alameda de Gardón
0%
Salamanca Ciudad Rodrigo La Alamedilla
0%
Salamanca Ciudad Rodrigo La Alberguería de Argañán
0%
Ávila El Barcode Ávila-Piedrahíta La Aldehuela
0%
Ávila El Barcode Ávila-Piedrahíta La Aliseda de Tormes
0%
León El Páramo La Antigua
0%
Salamanca Ciudad Rodrigo La Atalaya
0%
Salamanca Sierra de Francia La Bastida
0%
Salamanca Ciudad Rodrigo La Bouza
0%
Salamanca Sierra de Béjar La Cabeza de Béjar
0%
Salamanca Sierra de Béjar La Calzada de Béjar
0%
Ávila El Barcode Ávila-Piedrahíta La Carrera
0%
Ávila Ávila La Colilla
0%
Burgos Ribera del Duero La Cueva de Roa
0%
Salamanca Ciudad Rodrigo La Encina
0%
León Montaña de Riaño La Ercina
0%
Salamanca Vitigudino La Fregeneda
0%
Burgos Sierra de la Demanda La Gallega
0%
León El Páramo Laguna Dalga
0%
Segovia Páramos del Duratón Laguna de Contreras
0%
León El Páramo Laguna de Negrillos
0%
Salamanca Sierra de Béjar Lagunilla
0%
Zamora Tierra del Pan La Hiniesta
0%
Ávila El Barcode Ávila-Piedrahíta La Horcajada
0%
Burgos Ribera del Duero La Horra
0%
Salamanca Sierra de Béjar La Hoya
0%
Soria Almarza La Losilla
0%
Salamanca Tierra de Ledesma La Mata de Ledesma
0%
Segovia Tierra de Segovia La Matilla
0%
Salamanca Tierra de Alba La Maya
0%
Segovia Tierra de Ayllón Languilla
0%
Ávila Arenas de San Pedro Lanzahita
0%
Salamanca La Armuña La Orbada
0%
Salamanca Vitigudino La Peña
0%
Palencia Páramos-Valles La Puebla de Valdavia
0%
Salamanca Vitigudino La Redonda
0%
Burgos Sierra de la Demanda La Revilla y Ahedo
0%
Soria Berlanga La Riba de Escalote
0%
Salamanca Sierra de Francia La Rinconada de la Sierra
0%
Salamanca Tierra de Alba Larrodrigo
0%
Salamanca Campo de Salamanca La Sagrada
0%
Soria Tierras Altas Las Aldenhuelas
0%
Ávila Ávila Las Berlanas
0%
Salamanca Sierra de Francia Las Casas del Conde
0%
Burgos Ribera del Duero La Sequera de Haza
0%
Ávila Ávila La Serrada
0%
Burgos Alfoz de Burgos Las Hormazas
0%
Salamanca Guijuelo La Sierpe
0%
Burgos Alfoz de Burgos Las Quintanillas
0%
Segovia Tierras del Cantalejo Lastras del Pozo
0%
Salamanca Campo de Salamanca Las Veguillas
0%
Salamanca Guijuelo La Tala
0%
Ávila Ávila La Torre
0%
Zamora Benavente y los Valles La Torre del Valle
0%
Salamanca La Armuña La Vellés
0%
Burgos La Bureba La Vid de Bureba
0%
Palencia Páramos-Valles La Vid de Ojeda
0%
Salamanca Vitigudino La Vídola
0%
Burgos Ribera del Duero La Vid y Barrios
0%
Salamanca Vitigudino La Zarza de Pumareda
0%
Salamanca Sierra de Béjar Ledrada
0%
Soria Tierras del Burgo Liceras
0%
Salamanca Sierra de Francia Linares de Riofrío
0%
León Astorga Llamas de la Ribera
0%
Burgos La Bureba Llano de Bureba
0%
Palencia Páramos-Valles Loma de Ucieza
0%
Zamora Tierra de Alba Losacino
0%
Zamora Tierra de Alba Losacio
0%
Burgos Alfoz de Burgos Los Ausines
0%
Segovia Tierra de Segovia Los Huertos
0%
Ávila El Barcode Ávila-Piedrahíta Los Llanos de Tormes
0%
Salamanca Guijuelo Los Santos
0%
Soria Almarza Los Villares de Soria
0%
León La Cabrera Lucillo
0%
Zamora Sayago Luelmo
0%
Salamanca Vitigudino Lumbrales
0%
León La Cabrera Luyego de Somoza
0%
Salamanca Campo de Salamanca Machacón
0%
Salamanca Tierra de Peñaranda Macotera
0%
Zamora Tierra del Vino Madridanos
0%
Burgos Arlanza Madrigal del Monte
0%
Burgos Arlanza Madrigalejo del Monte
0%
Salamanca Sierra de Francia Madroñal
0%
Ávila Ávila Maello
0%
Burgos Arlanza Mahamud
0%
Zamora Aliste Mahide
0%
Zamora Benavente y los Valles Maire de Castroponce
0%
Soria Almazán Maján
0%
Salamanca Tierra de Peñaranda Malpartida
0%
Ávila El Barcode Ávila-Piedrahíta Malpartida de Corneja
0%
Zamora Alfoz de Toro Malva
0%
Ávila La Moraña Mamblas
0%
Burgos Ribera del Duero Mambrilla de Castrejón
0%
Burgos Sierra de la Demanda Mambrillas de Lara
0%
Burgos Sierra de la Demanda Mamolar
0%
Salamanca Tierra de Peñaranda Mancera de Abajo
0%
Ávila Ávila Mancera de Arriba
0%
Burgos Alfoz de Burgos Manciles
0%
Zamora Benavente y los Valles Manganeses de la Polvorosa
0%
Ávila Ávila Manjabálago y Ortigosa de Rioalmar
0%
Palencia Páramos-Valles Mantinos
0%
Zamora Tierra de Alba Manzanal del Barco
0%
León Montaña de Riaño Maraña
0%
Segovia Tierras del Cantalejo Marazoleja
0%
Segovia Tierras del Cantalejo Marazuela
0%
Ávila Ávila Marlín
0%
Salamanca Ciudad Rodrigo Martiago
0%
Ávila Ávila Martiherrero
0%
Salamanca Tierra de Alba Martinamor
0%
Salamanca Ciudad Rodrigo Martín de Yeltes
0%
Ávila El Barcode Ávila-Piedrahíta Martínez
0%
Segovia Tierras del Cantalejo Martín Miguel
0%
Segovia Tierras del Cantalejo Marugán
0%
Salamanca Vitigudino Masueco
0%
Segovia Tierra de Pinares Mata de Cuéllar
0%
León Esla-Campos Matadeón de los Oteros
0%
Soria Moncayo Matalebreras
0%
León Esla-Campos Matanza de los Oteros
0%
Zamora Benavente y los Valles | Tierra de Campos Matilla de Arzón
0%
Salamanca Campo de Salamanca Matilla de los Caños del Río
0%
Zamora Alfoz de Toro Matilla la Seca
0%
Zamora Sayago Mayalde
0%
Palencia Tierra de Campos Mazariegos
0%
Palencia Tierra de Campos Mazuecos de Valdeginate
0%
Burgos Arlanza Mazuela
0%
Burgos Arlanza Mecerreyes
0%
Ávila Ávila Mediana de Voltoya
0%
Ávila El Barcode Ávila-Piedrahíta Medinilla
0%
Zamora Benavente y los Valles Melgar de Tera
0%
Segovia Tierras del Cantalejo Melque de Cercos
0%
Segovia Páramos del Duratón Membibre de la Hoz
0%
Salamanca Guijuelo Membribe de la Sierra
0%
Palencia Tierra de Campos Meneses de Campos
0%
Ávila Ávila Mengamuñoz
0%
Ávila El Barcode Ávila-Piedrahíta Mesegar de Corneja
0%
Zamora Benavente y los Valles Micereces de Tera
0%
Palencia Páramos-Valles Micieces de Ojeda
0%
Salamanca Vitigudino Mieza
0%
Segovia Tierras del Cantalejo Migueláñez
0%
Ávila Arenas de San Pedro Mijares
0%
Zamora Benavente y los Valles Milles de la Polvorosa
0%
Ávila Ávila Mingorría
0%
Soria Tierras del Burgo Miño de San Esteban
0%
Salamanca Campo de Salamanca Miranda de Azán
0%
Burgos Ebro Miraveche
0%
Ávila Ávila Mironcillo
0%
Ávila Ávila Mirueña de los Infanzones
0%
Burgos Alfoz de Burgos Modúbar de la Emparedada
0%
Salamanca Sierra de Francia Mogarraz
0%
Zamora Tierra del Pan Molacillos
0%
Zamora La Carballeda Molezuelas de la Carballeda
0%
León El Bierzo Molinaseca
0%
Salamanca Sierra de Francia Molinillo
0%
Soria Almazán Momblona
0%
Burgos Sierra de la Demanda Monasterio de la Sierra
0%
Burgos Sierra de la Demanda Moncalvillo
0%
Zamora Tierra del Pan Monfarracinos
0%
Salamanca Sierra de Francia Monforte de la Sierra
0%
Salamanca Guijuelo Monleón
0%
Salamanca Tierra de Ledesma Monleras
0%
Salamanca Ciudad Rodrigo Monsagro
0%
Ávila Ávila Monsalupe
0%
Segovia Tierra de Pinares Montejo de Arévalo
0%
Segovia Tierra de Sepúlveda Montejo de la Vega de la Serrezuela
0%
Salamanca Sierra de Béjar Montemayor del Río
0%
Salamanca La Armuña Monterrubio de Armuña
0%
Salamanca Campo de Salamanca Monterrubio de la Sierra
0%
Burgos Alfoz de Burgos Montorio
0%
Burgos Ribera del Duero Moradillo de Roa
0%
Segovia Tierra de Sepúlveda Moral de Hornuez
0%
Zamora Tierra del Vino Moraleja del Vino
0%
Ávila La Moraña Moraleja de Mantacabras
0%
Zamora Sayago Moraleja de Sayago
0%
Zamora Benavente y los Valles Morales del Rey
0%
Zamora Benavente y los Valles Morales de Valverde
0%
Zamora Sayago Moralina
0%
Salamanca Ciudad Rodrigo Morasverdes
0%
Palencia Tierra de Campos Moratinos
0%
Zamora Tierra del Pan Moreruela de los Infanzones
0%
Zamora Tierra de Tábara Moreruela de Tábara
0%
Salamanca Campo de Salamanca Morille
0%
Salamanca Las Villas Moriñigo
0%
Salamanca La Armuña Moriscos
0%
Soria Almazán Morón de Almazán
0%
Salamanca Vitigudino Moronta
0%
Salamanca Campo de Salamanca Mozárbez
0%
Segovia Tierras del Cantalejo Mozoncillo
0%
Zamora La Carballeda Muelas de los Caballeros
0%
Ávila Ávila Muñana
0%
Ávila Ávila Muñico
0%
Ávila Ávila Muñogalindo
0%
Ávila Ávila Muñogrande
0%
Ávila La Moraña Muñomer del Peco
0%
Ávila Ávila Muñopepe
0%
Ávila La Moraña Muñosancho
0%
Ávila Ávila Muñotello
0%
León Montaña de Luna Murias de Paredes
0%
Soria Pinares Muriel de la Fuente
0%
Soria Tierras del Burgo Nafría de Ucero
0%
Ávila El Barcode Ávila-Piedrahíta Narrillos del Álamo
0%
Ávila Ávila Narrillos del Rebollar
0%
Soria Almarza Narros
0%
Ávila La Moraña Narros del Castillo
0%
Ávila Ávila Narros del Puerto
0%
Salamanca Campo de Salamanca Narros de Matalayegua
0%
Ávila La Moraña Narros de Saldueña
0%
Salamanca Sierra de Béjar Navacarros
0%
Ávila El Barcode Ávila-Piedrahíta Navacepeda de Tormes
0%
Ávila El Barcode Ávila-Piedrahíta Navacepedilla de Corneja
0%
Salamanca Sierra de Béjar Nava de Béjar
0%
Salamanca Sierra de Francia Nava de Francia
0%
Ávila El Barcode Ávila-Piedrahíta Nava del Barco
0%
Burgos Ribera del Duero Nava de Roa
0%
Salamanca Tierra de Peñaranda Nava de Sotrobal
0%
Ávila El Barcode Ávila-Piedrahíta Navadijos
0%
Ávila El Barcode Ávila-Piedrahíta Navaescurial
0%
Ávila Arenas de San Pedro Navahondilla
0%
Ávila Burgohondo -El Tiemblo -Cebreros Navalacruz
0%
Salamanca Tierra de Alba Navales
0%
Segovia Tierras del Cantalejo Navalilla
0%
Ávila Burgohondo -El Tiemblo -Cebreros Navalmoral
0%
Salamanca Sierra de Béjar Navalmoral de Béjar
0%
Ávila El Barcode Ávila-Piedrahíta Navalonguilla
0%
Ávila Burgohondo -El Tiemblo -Cebreros Navalosa
0%
Ávila Burgohondo -El Tiemblo -Cebreros Navalperal de Pinares
0%
Ávila El Barcode Ávila-Piedrahíta Navalperal de Tormes
0%
Ávila Burgohondo -El Tiemblo -Cebreros Navaluenga
0%
Salamanca Guijuelo Navamorales
0%
Ávila Burgohondo -El Tiemblo -Cebreros Navaquesera
0%
Segovia Tierra de Sepúlveda Navares de Ayuso
0%
Ávila El Barcode Ávila-Piedrahíta Navarredonda de Gredos
0%
Salamanca Sierra de Francia Navarredonda de la Rinconada
0%
Ávila Burgohondo -El Tiemblo -Cebreros Navarredondilla
0%
Ávila Burgohondo -El Tiemblo -Cebreros Navarrevisca
0%
Burgos La Bureba Navas de Bureba
0%
Ávila Burgohondo -El Tiemblo -Cebreros Navatalgordo
0%
Ávila El Barcode Ávila-Piedrahíta Navatejares
0%
Zamora Benavente y los Valles Navianos de Valverde
0%
Burgos Arlanza Nebreda
0%
Salamanca La Armuña Negrilla de Palencia
0%
Ávila El Barcode Ávila-Piedrahíta Neila de San Miguel
0%
Soria Almazán Nepas
0%
Ávila Ávila Niharra
0%
León El Bierzo Noceda del Bierzo
0%
Palencia Tierra de Campos Nogal de las Huertas
0%
Soria Almazán Nolay
0%
Valladolid Tierra de Medina Nueva Villa de las Torres
0%
León El Bierzo Oencia
0%
Palencia Páramos-Valles Olea de Boedo
0%
Burgos Ribera del Duero Olmedilo de Roa
0%
Salamanca Vitigudino Olmedo de Camaces
0%
Zamora Tierra de Alba Olmillos de Castro
0%
Burgos Arlanza Olmillos de Muñó
0%
Segovia Tierra de Pinares Olombrada
0%
Burgos Ribera del Duero Oquillas
0%
Burgos Alfoz de Burgos Orbaneja Riopico
0%
Ávila La Moraña Orbita
0%
Segovia Tierra de Segovia Orejana
0%
Segovia Tierras del Cantalejo Ortigosa de Pestaño
0%
Zamora La Carballeda Otero de Bodas
0%
Ávila Ávila Padiernos
0%
Burgos Odra-Pisuerga Padilla de Abajo
0%
Burgos Odra-Pisuerga Padilla de Arriba
0%
Burgos La Bureba Padrones de Bureba
0%
Segovia Tierra de Sepúlveda Pajarejos
0%
Salamanca La Armuña Pajares de la Laguna
0%
Zamora Tierra del Pan Pajares de la Lampreana
0%
León Esla-Campos Pajares de los Oteros
0%
Ávila La Moraña Palacios de Goda
0%
Salamanca Tierra de Ledesma Palacios del Arzobispo
0%
León Tierra de La Bañeza Palacios de la Valduerna
0%
Zamora Tierra del Pan Palacios del Pan
0%
Burgos Odra-Pisuerga Palacios de Riopisuerga
0%
Salamanca Tierra de Peñaranda Palaciosrubios
0%
Burgos Alfoz de Burgos Palazuelos de la Sierra
0%
Burgos Odra-Pisuerga Palazuelos de Muñó
0%
Salamanca La Armuña Palencia de Negrilla
0%
Burgos Odra-Pisuerga Pampliega
0%
Ávila La Moraña Papatrigo
0%
Salamanca Campo de Salamanca Parada de Arriba
0%
Salamanca La Armuña Parada de Rubiales
0%
Salamanca Tierra de Peñaranda Paradinas de San Juan
0%
Palencia Páramos-Valles Páramo de Boedo
0%
Burgos Ribera del Duero Pardilla
0%
Ávila El Barcode Ávila-Piedrahíta Pascualcobo
0%
Salamanca Ciudad Rodrigo Pastores
0%
Palencia Páramos-Valles Payo de Ojeda
0%
Zamora Sanabria Pedralba de la Praderia
0%
Salamanca Tierra de Alba Pedraza de Alba
0%
Palencia Tierra de Campos Pedraza de Campos
0%
Ávila Arenas de San Pedro Pedro Bernardo
0%
Ávila La Moraña Pedro-Rodríguez
0%
Burgos Ribera del Duero Pedrosa de Duero
0%
Burgos Odra-Pisuerga Pedrosa del Páramo
0%
Burgos Odra-Pisuerga Pedrosa del Príncipe
0%
Burgos Alfoz de Burgos Pedrosa de Río Úrbel
0%
Salamanca Tierra de Alba Pedrosillo de Alba
0%
Salamanca Guijuelo Pedrosillo de los Aires
0%
Salamanca La Armuña Pedrosillo el Ralo
0%
Salamanca Campo de Salamanca Pelabravo
0%
Salamanca Campo de Salamanca Pelarrodríguez
0%
Salamanca Tierra de Alba Pelayos
0%
Segovia Tierra de Segovia Pelayos del Arroyo
0%
Zamora Alfoz de Toro Peleagonzalo
0%
Salamanca Sierra de Béjar Peñacaballera
0%
Ávila Ávila Peñalba de Ávila
0%
Salamanca Ciudad Rodrigo Peñaparda
0%
Salamanca Tierra de Alba Peñarandilla
0%
Burgos Arlanza Peral de Arlanza
0%
Salamanca Vitigudino Peralejos de Abajo
0%
Salamanca Vitigudino Peralejos de Arriba
0%
Palencia Tierra de Campos Perales
0%
León El Bierzo Peranzanes
0%
Salamanca Vitigudino Pereña de la Ribera
0%
Zamora Tierra de Alba Perilla de Castro
0%
Salamanca Sierra de Béjar Peromingo
0%
Segovia Tierra de Pinares Perosillo
0%
Zamora Tierra del Pan Piedrahita de Castro
0%
Ávila Arenas de San Pedro Piedralaves
0%
Burgos La Bureba Piérnigas
0%
Segovia Tierras del Cantalejo Pinarnegrillo
0%
Burgos Sierra de la Demanda Pineda de la Sierra
0%
Salamanca Sierra de Francia Pinedas
0%
Burgos Arlanza Pineda Trasmonte
0%
Soria Campo de Gómara Pinilla del Campo
0%
Burgos Sierra de la Demanda Pinilla de los Barruecos
0%
Burgos Sierra de la Demanda Pinilla de los Moros
0%
Zamora Alfoz de Toro Pinilla de Toro
0%
Burgos Ribera del Duero Pinilla Trasmonte
0%
Zamora Aliste Pino del Oro
0%
Salamanca La Armuña Pitiegua
0%
Salamanca Guijuelo Pizarral
0%
Palencia Tierra de Campos Población de Arroyo
0%
Palencia Tierra de Campos Población de Campos
0%
Palencia Cerrato Población de Cerrato
0%
Zamora Benavente y los Valles Pobladura del Valle
0%
León El Páramo Pobladura de Pelayo García
0%
Zamora Tierra de Campos Pobladura de Valderaduey
0%
Palencia Montaña Pomar de Valdivia
0%
Soria Campo de Gómara Portillo de Soria
0%
Ávila Ávila Poveda
0%
Salamanca Tierra de Peñaranda Poveda de las Cintas
0%
Ávila Arenas de San Pedro Poyales del Hoyo
0%
Palencia Páramos-Valles Poza de la Vega
0%
Soria Frentes Pozalmuro
0%
Ávila Ávila Pozanco
0%
Zamora Alfoz de Toro Pozoantiguo
0%
Palencia Tierra de Campos Pozo de Urama
0%
Salamanca Vitigudino Pozos de Hinojo
0%
León El Páramo Pozuelo del Páramo
0%
Zamora Tierra de Tábara Pozuelo de Tábara
0%
Burgos La Bureba Prádanos de Bureba
0%
León Tierra de León Prado de la Guzpeña
0%
Ávila Ávila Pradosegar
0%
Burgos Arlanza Presencio
0%
León El Bierzo Priaranza del Bierzo
0%
León Montaña de Riaño Prioro
0%
Salamanca Ciudad Rodrigo Puebla de Azaba
0%
Salamanca Sierra de Béjar Puebla de San Medel
0%
Salamanca Ciudad Rodrigo Puebla de Yeltes
0%
Zamora Benavente y los Valles Pueblica de Valverde
0%
León Montaña de Riaño Puente Almuhey
0%
Salamanca Guijuelo Puente del Congosto
0%
Burgos Arlanza Puentedura
0%
Salamanca Vitigudino Puertas
0%
Ávila El Barcode Ávila-Piedrahíta Puerto Castilla
0%
Salamanca Sierra de Béjar Puerto de Béjar
0%
Salamanca Ciudad Rodrigo Puerto Seguro
0%
Burgos Ribera del Duero Quemada
0%
León Tierra de La Bañeza Quintana del Marco
0%
Burgos Ribera del Duero Quintana del Pidio
0%
Palencia Cerrato Quintana del Puente
0%
Burgos La Bureba Quintanaélez
0%
Burgos Alfoz de Burgos Quintanapalla
0%
Soria Tierras del Burgo Quintanas de Gormaz
0%
Burgos La Bureba Quintanavides
0%
León Tierra de La Bañeza Quintana y Congosto
0%
Burgos Arlanza Quintanilla del Agua y Tordueles
0%
Burgos Arlanza Quintanilla de la Mata
0%
León Astorga Quintanilla del Castillo
0%
Burgos Arlanza Quintanilla del Coco
0%
Zamora Tierra de Campos Quintanilla del Monte
0%
Zamora Tierra de Campos Quintanilla del Olmo
0%
Palencia Páramos-Valles Quintanilla de Onsoña
0%
Zamora Benavente y los Valles Quiruelas de Vidriales
0%
Burgos Sierra de la Demanda Rabanera del Pinar
0%
Zamora Aliste Rábano de Aliste
0%
Burgos Alfoz de Burgos Rabé de las Calzadas
0%
Salamanca Tierra de Peñaranda Rágama
0%
Ávila La Moraña Rasueros
0%
Burgos Sedano y Las Loras Rebolledo de la Torre
0%
Segovia Tierra de Segovia Rebollo
0%
Soria Tierras del Burgo Recuerda
0%
León Tierra de La Bañeza Regueras de Arriba
0%
Burgos La Bureba Reinoso de Bureba
0%
Palencia Cerrato Reinoso de Cerrato
0%
Soria Berlanga Rello
0%
Soria Frentes Renieblas
0%
Burgos Arlanza Retuerta
0%
Zamora Tierra de Campos Revellinos
0%
Palencia Tierra de Campos Revenga de Campos
0%
Palencia Páramos-Valles Revilla de Collazos
0%
Burgos Alfoz de Burgos Revilla del Campo
0%
Burgos Alfoz de Burgos Revillarruz
0%
Burgos Odra-Pisuerga Revilla Vallejera
0%
León Montaña de Riaño Reyero
0%
Burgos Odra-Pisuerga Rezmondo
0%
Soria Campo de Gómara Reznos
0%
Segovia Tierra de Ayllón Riaguas de San Bartolomé
0%
Palencia Tierra de Campos Ribas de Campos
0%
Palencia Tierra de Campos Riberos de la Cueza
0%
Segovia Tierra de Ayllón Ribota
0%
Ávila Ávila Riocabado
0%
Burgos Sierra de la Demanda Riocavado de la Sierra
0%
Zamora La Carballeda Rionegro del Puente
0%
León Tierra de León Rioseco de Tapia
0%
Ávila La Moraña Rivilla de Barajas
0%
Salamanca Ciudad Rodrigo Robleda
0%
Zamora Sanabria Robleda-Cervantes
0%
León Montaña de Riaño Robles de la Valcueva
0%
Salamanca Campo de Salamanca Robliza de Cojos
0%
Segovia Tierra de Segovia Roda de Eresma
0%
Burgos La Bureba Rojas
0%
Salamanca Tierra de Ledesma Rollán
0%
León El Páramo Roperuelos del Páramo
0%
Zamora Sanabria Rosinos de la Requejada
0%
Burgos Arlanza Royuela de Río Franco
0%
Burgos La Bureba Rublacedo de Abajo
0%
Burgos La Bureba Rucandio
0%
León Montaña de Riaño Sabero
0%
Salamanca Ciudad Rodrigo Saelices el Chico
0%
Burgos La Bureba Salas de Bureba
0%
Zamora Sayago Salce
0%
Salamanca Vitigudino Saldeana
0%
Palencia Montaña Salinas de Pisuerga
0%
Burgos La Bureba Salinillas de Bureba
0%
Salamanca Tierra de Peñaranda Salmoral
0%
Ávila Ávila Salobral
0%
Ávila La Moraña Salvadiós
0%
Zamora Aliste Samir de los Caños
0%
Burgos Alfoz de Burgos San Adrián de Juarros
0%
León El Páramo San Adrián del Valle
0%
Zamora Tierra de Campos San Agustín del Pozo
0%
Ávila El Barcode Ávila-Piedrahíta San Bartolomé de Béjar
0%
Ávila El Barcode Ávila-Piedrahíta San Bartolomé de Corneja
0%
Ávila Burgohondo -El Tiemblo -Cebreros San Bartolomé de Pinares
0%
Zamora Tierra del Pan San Cebrián de Castro
0%
León El Bierzo Sancedo
0%
Salamanca Vitigudino Sanchón de la Ribera
0%
Salamanca Campo de Salamanca Sanchón de la Sagrada
0%
Ávila Ávila Sanchorreja
0%
Salamanca Sierra de Béjar Sanchotello
0%
Palencia Páramos-Valles San Cristóbal de Boedo
0%
Segovia Tierra de Pinares San Cristóbal de Cuéllar
0%
Zamora Benavente y los Valles San Cristóbal de Entreviñas
0%
Salamanca La Armuña San Cristóbal de la Cuesta
0%
León Tierra de La Bañeza San Cristóbal de la Polantera
0%
Segovia Tierra de Pinares San Cristóbal de la Vega
0%
Salamanca Ciudad Rodrigo Sancti-Spíritus
0%
Salamanca Tierra de Ledesma Sando
0%
León Montaña de Luna San Emiliano
0%
Salamanca Sierra de Francia San Esteban de la Sierra
0%
Zamora Tierra de Campos San Esteban del Molar
0%
Ávila Ávila San Esteban de los Patos
0%
Ávila Arenas de San Pedro San Esteban del Valle
0%
León Tierra de La Bañeza San Esteban de Nogales
0%
Ávila La Moraña San Esteban de Zapardiel
0%
Salamanca Vitigudino San Felices de los Gallegos
0%
Segovia Tierras del Cantalejo Sangarcía
0%
Ávila Ávila San García de Ingelmos
0%
Ávila Ávila San Juan de la Encinilla
0%
Ávila Burgohondo -El Tiemblo -Cebreros San Juan de la Nava
0%
Ávila Burgohondo -El Tiemblo -Cebreros San Juan del Molinillo
0%
Burgos Ribera del Duero San Juan del Monte
0%
Ávila Ávila San Juan del Olmo
0%
Zamora Sanabria San Justo
0%
León Astorga San Justo de la Vega
0%
Soria Pinares San Leonardo de Yagüe
0%
Ávila El Barcode Ávila-Piedrahíta San Lorenzo de Tormes
0%
Burgos Alfoz de Burgos San Mamés de Burgos
0%
Ávila El Barcode Ávila-Piedrahíta San Martín de la Vega del Alberche
0%
Salamanca Sierra de Francia San Martín del Castañar
0%
Ávila El Barcode Ávila-Piedrahíta San Martín del Pimpollar
0%
Burgos Ribera del Duero San Martín de Rubiales
0%
Zamora Tierra de Campos San Martín de Valderaduey
0%
Ávila El Barcode Ávila-Piedrahíta San Miguel de Corneja
0%
Zamora La Guareña San Miguel de la Ribera
0%
Salamanca Sierra de Francia San Miguel del Robledo
0%
Zamora Tierra de Campos San Miguel del Valle
0%
Ávila Ávila San Miguel de Serrezuela
0%
Salamanca Sierra de Francia San Miguel de Valero
0%
Burgos Sierra de la Demanda San Millán de Lara
0%
León Esla-Campos San Millán de los Caballeros
0%
Salamanca Las Villas San Morales
0%
Salamanca Campo de Salamanca San Muñoz
0%
Ávila La Moraña San Pascual
0%
León El Páramo San Pedro Bercianos
0%
Zamora Benavente y los Valles San Pedro de Ceque
0%
Segovia Tierra de Segovia San Pedro de Gaíllos
0%
Ávila Ávila San Pedro del Arroyo
0%
Salamanca Tierra de Ledesma San Pedro del Valle
0%
Salamanca Campo de Salamanca San Pedro de Rozados
0%
Salamanca Tierra de Ledesma San Pelayo de Guareña
0%
Palencia Tierra de Campos San Román de la Cuba
0%
Burgos Arlanza Santa Cecilia
0%
Palencia Tierra de Campos Santa Cecilia del Alcor
0%
Zamora Tierra del Vino Santa Clara de Avedillo
0%
León Tierra de León Santa Colomba de Curueño
0%
Zamora Benavente y los Valles Santa Colomba de las Monjas
0%
León Esla-Campos Santa Cristina de Valmadrigal
0%
Zamora Benavente y los Valles Santa Croya de Tera
0%
Palencia Páramos-Valles Santa Cruz de Boedo
0%
Burgos Ribera del Duero Santa Cruz de la Salceda
0%
Ávila Burgohondo -El Tiemblo -Cebreros Santa Cruz de Pinares
0%
Soria Tierras Altas Santa Cruz de Yanguas
0%
León Tierra de La Bañeza Santa Elena de Jamuz
0%
Zamora Tierra de Alba Santa Eufemia del Barco
0%
Burgos Arlanza Santa Inés
0%
León Tierra de La Bañeza Santa María de la Isla
0%
Ávila Ávila Santa María del Arroyo
0%
Soria Tierras del Burgo Santa María de las Hoyas
0%
Zamora Benavente y los Valles Santa Maria de la Vega
0%
Ávila El Barcode Ávila-Piedrahíta Santa María del Berrocal
0%
Burgos Arlanza Santa María del Campo
0%
Burgos La Bureba Santa María del Invierno
0%
Burgos Ribera del Duero Santa María del Mercadillo
0%
Ávila El Barcode Ávila-Piedrahíta Santa María de los Caballeros
0%
Ávila Arenas de San Pedro Santa María del Tiétar
0%
León Tierra de León Santa María de Ordás
0%
Salamanca Tierra de Ledesma Santa María de Sando
0%
Zamora Benavente y los Valles Santa María de Valverde
0%
Burgos Ebro Santa María Ribarredonda
0%
Segovia Tierra de Segovia Santa Marta del Cerro
0%
Burgos La Bureba Santa Olalla de Bureba
0%
Palencia Páramos-Valles Santervás de la Vega
0%
Salamanca Tierra de Peñaranda Santiago de la Puebla
0%
Ávila El Barcode Ávila-Piedrahíta Santiago del Collado
0%
León Astorga Santiago Millas
0%
Salamanca Sierra de Béjar Santibáñez de Béjar
0%
Palencia Páramos-Valles Santibáñez de Ecla
0%
Burgos Ribera del Duero Santibáñez de Esgueva
0%
Salamanca Sierra de Francia Santibáñez de la Sierra
0%
Burgos Arlanza Santibáñez del Val
0%
Zamora Benavente y los Valles Santibáñez de Tera
0%
Zamora Benavente y los Valles Santibáñez de Vidriales
0%
Segovia Tierra de Segovia Santiuste de Pedraza
0%
Segovia Tierra de Pinares Santiuste de San Juan Bautista
0%
Salamanca Tierra de Ledesma Santiz
0%
Ávila Ávila Santo Domingo de las Posadas
0%
Ávila Ávila Santo Tomé de Zabarcos
0%
Palencia Tierra de Campos Santoyo
0%
Ávila La Moraña San Vicente de Arévalo
0%
Zamora Aliste San Vicente de la Cabeza
0%
Zamora Aliste San Vitero
0%
Zamora Tierra del Vino Sanzoles
0%
Salamanca Tierra de Ledesma Sardón de los Frailes
0%
León Tierra de León Sariegos del Bernesga
0%
Salamanca Vitigudino Saucelle
0%
Segovia Tierras del Cantalejo Sauquillo de Cabezas
0%
Salamanca Ciudad Rodrigo Sepulcro-Hilario
0%
Segovia Tierra de Sepúlveda Sequera del Fresno
0%
Salamanca Sierra de Francia Sequeros
0%
Soria Las Vicarías Serón de Nágima
0%
Salamanca Ciudad Rodrigo Serradilla del Arroyo
0%
Salamanca Ciudad Rodrigo Serradilla del Llano
0%
Ávila Burgohondo- El Tiemblo- Cebreros Serranillos
0%
Salamanca Tierra de Alba Sieteiglesias de Tormes
0%
Ávila Ávila Sigeres
0%
Ávila La Moraña Sinlabajos
0%
Salamanca Vitigudino Sobradillo
0%
León El Bierzo Sobrado
0%
Ávila El Barcode Ávila-Piedrahíta Solana de Ávila
0%
Ávila Ávila Solana de Rioalmar
0%
Burgos Arlanza Solarana
0%
Soria Almazán Soliedra
0%
Burgos Odra-Pisuerga Sordillos
0%
Salamanca Sierra de Béjar Sorihuela
0%
Ávila Ávila Sotalbo
0%
Burgos Ribera del Duero Sotillo de la Ribera
0%
Palencia Páramos-Valles Sotobañado y Priorato
0%
Palencia Cerrato Soto de Cerrato
0%
León Tierra de La Bañeza Soto de la Vega
0%
Salamanca Sierra de Francia Sotoserrano
0%
León Montaña de Luna Soto y Amío
0%
Burgos Alfoz de Burgos Sotragero
0%
Burgos Alfoz de Burgos Susinos del Páramo
0%
Palencia Cerrato Tabanera de Cerrato
0%
Palencia Páramos-Valles Tabanera de Valdavia
0%
Segovia Tierras del Cantalejo Tabanera la Luenga
0%
Salamanca Tierra de Ledesma Tabera de Abajo
0%
Soria Campo de Gómara Tajahuerce
0%
Soria Berlanga Tajueco
0%
Soria Pinares Talveila
0%
Salamanca Campo de Salamanca Tamames
0%
Burgos Odra-Pisuerga Tamarón
0%
Zamora Tierra de Campos Tapioles
0%
Salamanca Tierra de Peñaranda Tarazona de Guareña
0%
Salamanca La Armuña Tardáguila
0%
Burgos Alfoz de Burgos Tardajos
0%
Soria Almazán Taroda
0%
Salamanca Campo de Salamanca Tejeda y Segoyuela
0%
Salamanca Ciudad Rodrigo Tenebrón
0%
Burgos Ribera del Duero Terradillos de Esgueva
0%
Ávila La Moraña Tiñosillos
0%
Burgos Alfoz de Burgos Tobar
0%
Ávila Ávila Tolbaños
0%
Segovia Tierra de Pinares Tolocirio
0%
León Esla-Campos Toral de los Guzmanes
0%
León El Bierzo Toral de los Vados
0%
Salamanca Tierra de Peñaranda Tordillos
0%
Burgos Arlanza Tordómar
0%
Ávila El Barcode Ávila-Piedrahíta Tormellas
0%
Ávila Ávila Tornadizos de Ávila
0%
Segovia Páramos del Duratón Torreadrada
0%
Soria Tierras del Burgo Torreblacos
0%
Burgos Arlanza Torrecilla del Monte
0%
Segovia Tierras del Cantalejo Torrecilla del Pinar
0%
Burgos Ribera del Duero Torregalindo
0%
Burgos Alfoz de Burgos Torrelara
0%
Palencia Tierra de Campos Torremormojón
0%
Burgos Arlanza Torrepadre
0%
Burgos Ribera del Duero Torresandinoa
0%
Zamora Tierra del Pan Torres del Carrizal
0%
Salamanca La Armuña Torresmenudas
0%
Ávila El Barcode Ávila-Piedrahíta Tórtoles
0%
Burgos Ribera del Duero Tórtoles de Esgueva
0%
León El Bierzo Trabadelo
0%
Salamanca Vitigudino Trabanca
0%
Zamora Aliste Trabazos
0%
Zamora Sanabria Trefacio
0%
Salamanca Tierra de Ledesma Tremedal de Tormes
0%
Soria Moncayo Trévago
0%
Burgos Sedano y Las Loras Tubilla del Agua
0%
Burgos Ribera del Duero Tubilla del Lago
0%
León Astorga Turcia
0%
Ávila El Barcode Ávila-Piedrahíta Umbrías
0%
Zamora Benavente y los Valles Uña de Quintana
0%
Burgos Alfoz de Burgos Úrbel del Castillo
0%
León El Páramo Urdiales del Páramo
0%
Soria Pinares Vadillo
0%
Zamora La Guareña Vadillo de la Guareña
0%
Ávila El Barcode Ávila-Piedrahíta Vadillo de la Sierra
0%
Burgos Ribera del Duero Vadocondes
0%
Palencia Cerrato Valbuena de Pisuerga
0%
Zamora Tierra del Pan Valcabado
0%
Burgos Ribera del Duero Valdeande
0%
Salamanca Tierra de Alba Valdecarros
0%
Ávila Ávila Valdecasa
0%
Zamora Alfoz de Toro Valdefinjas
0%
León Tierra de León Valdefresno
0%
León El Páramo Valdefuentes del Páramo
0%
Salamanca Sierra de Béjar Valdefuentes de Sangusín
0%
Soria Frentes Valdegeña
0%
Salamanca Sierra de Béjar Valdehijaderos
0%
Salamanca Sierra de Béjar Valdelacasa
0%
Salamanca Sierra de Béjar Valdelageve
0%
Soria Moncayo Valdelagua del Cerro
0%
Salamanca Tierra de Ledesma Valdelosa
0%
León Montaña de Riaño Valdelugueros
0%
Soria Tierras del Burgo Valdemaluque
0%
Salamanca Tierra de Alba Valdemierque
0%
León Esla-Campos Valdemora
0%
Palencia Cerrato Valdeolmillos
0%
León Montaña de Riaño Valdepiélago
0%
Soria Tierras Altas Valdeprado
0%
Segovia Tierra de Segovia Valdeprados
0%
Palencia Páramos-Valles Valderrábano
0%
Soria Berlanga Valderrodilla
0%
Salamanca Vitigudino Valderrodrigo
0%
León Astorga Valdesamario
0%
León Astorga Val de San Lorenzo
0%
Zamora Tierra de Campos Valdescorriel
0%
León Astorga Valdespino
0%
Palencia Tierra de Campos Valde-Ucieza
0%
Segovia Tierra de Sepúlveda Valdevacas de Montejo
0%
Segovia Tierra de Segovia Valdevacas y Guijar
0%
León El Páramo Valdevimbre
0%
Burgos Ribera del Duero Valdezate
0%
Burgos Arlanza Valdorros
0%
Salamanca Sierra de Francia Valero
0%
Burgos La Bureba Vallarta de Bureba
0%
León Tierra de Sahagún Vallecillo
0%
Palencia Cerrato Valle de Cerrato
0%
Burgos Alfoz de Burgos Valle de las Navas
0%
Burgos Montes de Oca Valle de Oca
0%
Burgos Alfoz de Burgos Valle de Santibáñez
0%
Segovia Tierra de Sepúlveda Valle de Tabladillo
0%
Burgos Sedano y Las Loras Valle de Valdelucio
0%
Burgos Odra-Pisuerga Vallejera
0%
Salamanca Sierra de Béjar Vallejera de Riofrío
0%
Segovia Tierra de Segovia Valleruela de Pedraza
0%
Segovia Tierra de Segovia Valleruela de Sepúlveda
0%
Zamora La Guareña Vallesa de la Guareña
0%
Burgos Odra-Pisuerga Valles de Palenzuela
0%
Salamanca Vitigudino Valsalabroso
0%
Segovia Tierra de Segovia Valseca
0%
Soria Tierras Altas Valtajeros
0%
Segovia Páramos del Duratón Valtiendas
0%
Salamanca Sierra de Béjar Valverde de Valdelacasa
0%
León Esla-Campos Valverde-Enrique
0%
Salamanca La Armuña Valverdón
0%
Salamanca Campo de Salamanca Vecinos
0%
León Montaña de Riaño Vegacervera
0%
León Esla-Campos Vega de Infanzones
0%
Ávila Ávila Vega de Santa María
0%
Zamora Benavente y los Valles Vega de Tera
0%
Salamanca Tierra de Ledesma Vega de Tirados
0%
León El Bierzo Vega de Valcarce
0%
Zamora Tierra de Campos Vega de Villalobos
0%
Zamora Tierra de Alba Vegalatrave
0%
Segovia Tierras del Cantalejo Veganzones
0%
León Montaña de Riaño Vegaquemada
0%
Soria Almazán Velamazán
0%
Ávila Ávila Velayos
0%
Soria Almazán Velilla de los Ajos
0%
Zamora Alfoz de Toro Venialbo
0%
Salamanca Tierra de Peñaranda Ventosa del Río Almar
0%
Segovia Tierra de Segovia Ventosilla y Tejadilla
0%
Palencia Cerrato Vertavillo
0%
Zamora Alfoz de Toro Vezdemarbán
0%
Zamora Tierra de Campos Vidayanes
0%
Zamora Aliste Videmala
0%
Burgos La Bureba Vileña
0%
Zamora Tierra de Campos Villaba de la Lampreana
0%
Palencia Páramos-Valles Villabasta de Valdavia
0%
León Esla-Campos Villabraz
0%
Zamora Benavente y los Valles Villabrázaro
0%
Zamora Alfoz de Toro Villabuena del Puente
0%
León Tierra de Sahagún Villacalabuey
0%
Palencia Cerrato Villaconancio
0%
Burgos Odra-Pisuerga Villadelmiro
0%
León Esla-Campos Villademor de la Vega
0%
Zamora Sayago Villadepera
0%
Palencia Páramos-Valles Villaeles de Valdavia
0%
Zamora La Guareña Villaescusa
0%
Burgos Ribera del Duero Villaescusa de Roa
0%
Burgos Montes de Oca Villaescusa la Sombría
0%
Burgos Sierra de la Demanda Villaespasa
0%
Zamora Benavente y los Valles Villaferrueña
0%
Ávila Ávila Villaflor
0%
Salamanca Tierra de Peñaranda Villaflores
0%
Ávila El Barcode Ávila-Piedrahíta Villafranca de la Sierra
0%
Burgos Arlanza Villafruela
0%
Zamora Benavente y los Valles Villageriz
0%
Salamanca Campo de Salamanca Villagonzalo de Tormes
0%
Palencia Cerrato Villahán
0%
Burgos Arlanza Villahoz
0%
Palencia Cerrato Villalaco
0%
Burgos Ribera del Duero Villalba de Duero
0%
Palencia Páramos-Valles Villalba de Guardo
0%
Salamanca Campo de Salamanca Villalba de los Llanos
0%
Burgos Alfoz de Burgos Villalbilla de Burgos
0%
Burgos Ribera del Duero Villalbilla de Gumiel
0%
Zamora Aliste Villalcampo
0%
Palencia Tierra de Campos Villalcón
0%
Burgos Arlanza Villalmanzo
0%
Zamora Alfoz de Toro Villalonso
0%
Zamora Alfoz de Toro Villalube
0%
Palencia Páramos-Valles Villaluenga de la Vega
0%
Palencia Tierra de Campos Villalumbroso
0%
León Esla-Campos Villamandos
0%
Palencia Tierra de Campos Villamartín de Campos
0%
León Tierra de León Villamartín de Don Sancho
0%
Zamora Tierra de Campos Villamayor de Campos
0%
Burgos Arlanza Villamayor de los Montes
0%
Burgos Odra-Pisuerga Villamayor de Treviño
0%
Burgos Odra-Pisuerga Villamedianilla
0%
León Astorga Villamejil
0%
Burgos Alfoz de Burgos Villamiel de la Sierra
0%
León Tierra de La Bañeza Villamontán de la Valduerna
0%
León Esla-Campos Villamoratiel de las Matas
0%
Zamora La Guareña Villamor de los Escuderos
0%
Palencia Tierra de Campos Villamoronta
0%
Palencia Tierra de Campos Villamuera de la Cueza
0%
Zamora Benavente y los Valles Villanázar
0%
Burgos Arlanza Villangómez
0%
Burgos Alfoz de Burgos Villanueva de Argaño
0%
Ávila Burgohondo -El Tiemblo -Cebreros Villanueva de Ávila
0%
Zamora Benavente y los Valles Villanueva de Azoague
0%
Zamora Tierra del Vino Villanueva de Campeán
0%
Burgos Sierra de la Demanda Villanueva de Carazo
0%
Ávila La Moraña Villanueva de Gómez
0%
Soria Tierras del Burgo Villanueva de Gormaz
0%
Burgos Ribera del Duero Villanueva de Gumiel
0%
Ávila La Moraña Villanueva del Aceral
0%
León Esla-Campos Villanueva de las Manzanas
0%
Zamora Benavente y los Valles Villanueva de las Peras
0%
Ávila El Barcode Ávila-Piedrahíta Villanueva del Campillo
0%
Zamora Tierra de Campos Villanueva del Campo
0%
Salamanca Sierra de Francia Villanueva del Conde
0%
Palencia Tierra de Campos Villanueva del Rebollar
0%
Burgos Ebro Villanueva de Teba
0%
Palencia Páramos-Valles Villanuño de Valdavia
0%
León Esla-Campos Villaornate y Castro
0%
Palencia Páramos-Valles Villaprovedo
0%
León Esla-Campos Villaquejida
0%
Burgos Odra-Pisuerga Villaquirán de la Puebla
0%
Burgos Odra-Pisuerga Villaquirán de los Infantes
0%
Palencia Páramos-Valles Villarabé
0%
Salamanca Ciudad Rodrigo Villar de Argañán
0%
Zamora La Carballeda Villardeciervos
0%
Ávila El Barcode Ávila-Piedrahíta Villar de Corneja
0%
Zamora Tierra de Campos Villar de Fallaves
0%
Salamanca Tierra de Peñaranda Villar de Gallimazo
0%
Salamanca Ciudad Rodrigo Villar de la Yegua
0%
Soria Frentes Villar del Campo
0%
Salamanca Vitigudino Villar de Peralonso
0%
Salamanca Vitigudino Villar de Samaniego
0%
Zamora Sayago Villardiegua de la Ribera
0%
Zamora Tierra de Campos Villárdiga
0%
Ávila Arenas de San Pedro Villarejo del Valle
0%
León Astorga Villarejo de Órbigo
0%
León Astorga Villares de Órbigo
0%
Salamanca Vitigudino Villares de Yeltes
0%
Burgos Alfoz de Burgos Villariezo
0%
Salamanca Vitigudino Villarino de los Aires
0%
Salamanca Tierra de Ledesma Villarmayor
0%
Salamanca Vitigudino Villarmuerto
0%
Zamora Tierra de Campos Villarrín de Campos
0%
León Esla-Campos Villasabariego
0%
Burgos Odra-Pisuerga Villasandino
0%
Palencia Tierra de Campos Villasarracino
0%
Salamanca Vitigudino Villasbuenas
0%
Salamanca Tierra de Ledesma Villasdardo
0%
Soria Campo de Gómara Villaseca de Arciel
0%
Salamanca Tierra de Ledesma Villaseco de los Gamitos
0%
Salamanca Tierra de Ledesma Villaseco de los Reyes
0%
Zamora Tierra del Pan Villaseco del Pan
0%
León Tierra de Sahagún Villaselán
0%
Palencia Páramos-Valles Villasila de Valdavia
0%
Salamanca Ciudad Rodrigo Villasrubias
0%
Ávila Ávila Villatoro
0%
Burgos Ribera del Duero Villatuelda
0%
León Esla-Campos Villaturiel
0%
Zamora Alfoz de Toro Villavendimio
0%
Salamanca La Armuña Villaverde de Guareña
0%
Burgos Arlanza Villaverde del Monte
0%
Segovia Tierra de Sepúlveda Villaverde de Montejo
0%
Burgos Arlanza Villaverde-Mogina
0%
Zamora Benavente y los Valles Villaveza del Agua
0%
Zamora Benavente y los Valles Villaveza de Valverde
0%
Salamanca Vitigudino Villavieja de Yeltes
0%
Burgos Alfoz de Burgos Villayerno Morquillas
0%
León El Páramo Villazala
0%
León Tierra de Sahagún Villazanzo de Valderaduey
0%
Burgos Odra-Pisuerga Villazopeque
0%
Burgos Odra-Pisuerga Villegas
0%
Segovia Tierra de Pinares Villeguillo
0%
Palencia Tierra de Campos Villerías de Campos
0%
Palencia Cerrato Villodre
0%
Palencia Cerrato Villodrigo
0%
Burgos Alfoz de Burgos Villoruebo
0%
Salamanca Las Villas Villoruela
0%
Palencia Páramos-Valles Villota del Páramo
0%
Palencia Tierra de Campos Villovieco
0%
Burgos Montes de Oca Viloria de Rioja
0%
Salamanca Vitigudino Vilvestre
0%
Burgos Sierra de la Demanda Vilviestre del Pinar
0%
Ávila La Moraña Viñegra de Moraña
0%
Ávila Ávila Vita
0%
Burgos Sierra de la Demanda Vizcaínos
0%
Soria Tierras Altas Vizmanos
0%
Soria Moncayo Vozmediano
0%
Salamanca Vitigudino Yecla de Yeltes
0%
Burgos Arlanza Zael
0%
Salamanca Ciudad Rodrigo Zamarra
0%
Salamanca Tierra de Ledesma Zamayón
0%
Ávila El Barcode Ávila-Piedrahíta Zapardiel de la Cañada
0%
Ávila El Barcode Ávila-Piedrahíta Zapardiel de la Ribera
0%
Salamanca Tierra de Ledesma Zarapicos
0%
Burgos Odra-Pisuerga Zarzosa de Río Pisuerga
0%
Burgos Ribera del Duero Zazuar
0%
Salamanca Tierra de Peñaranda Zorita de la Frontera
0%
León El Páramo Zotes del Páramo
0%
Burgos La Bureba Zuñeda
0%
No se encontraron pruebas coincidentes
Distribución de puntuación
Porcentaje de gente con cada puntuación
Porcentaje por número respondido
Historial de tus puntuaciones
No has intentado esta prueba desde el último reinicio